All 10K+ Cities in the United States on a Map - Statistics

General Stats
  • This quiz has been taken 5,700 times
    5,499 since last reset
  • The average score is 435 of 4132
Answers on the Map
Answers color-coded by a green-red scale on the quiz's map according to % correct below.
 
Answer Stats
State Population City % Correct
Florida 486,388 Miami
76%
Oklahoma 12,880 Miami
76%
Michigan 32,603 Jackson
75%
Mississippi 160,080 Jackson
75%
Missouri 15,150 Jackson
75%
New Jersey 54,856 Jackson
75%
Tennessee 66,989 Jackson
75%
Wyoming 10,427 Jackson
75%
New York 8,323,340 New York City
75%
District of Columbia 705,749 Washington, D.C.
74%
Nevada 662,000 Las Vegas
73%
New Mexico 12,821 Las Vegas
73%
California 4,015,940 Los Angeles
73%
Georgia 14,131 Dallas
72%
Oregon 17,669 Dallas
72%
Texas 1,382,270 Dallas
72%
Texas 2,340,890 Houston
72%
Alaska 285,634 Anchorage
71%
Florida 24,171 Key West
71%
Arizona 1,703,080 Phoenix
71%
Maine 66,067 Portland
71%
Oregon 664,103 Portland
71%
Tennessee 13,287 Portland
71%
Texas 18,418 Portland
71%
Oregon 11,772 Sandy
71%
Utah 96,943 Sandy
71%
California 896,047 San Francisco
71%
Washington 783,137 Seattle
71%
Illinois 2,694,240 Chicago
70%
Colorado 734,134 Denver
70%
Michigan 667,272 Detroit
70%
Hawaii 342,933 Honolulu
70%
Texas 58,756 Spring
70%
Massachusetts 710,195 Boston
69%
Minnesota 25,408 Austin
68%
Texas 988,218 Austin
68%
Alabama 12,423 Jacksonville
68%
Arkansas 27,993 Jacksonville
68%
Florida 926,371 Jacksonville
68%
Illinois 18,315 Jacksonville
68%
North Carolina 72,926 Jacksonville
68%
Texas 14,945 Jacksonville
68%
Kentucky 15,073 Mount Washington
68%
Illinois 16,720 Washington
68%
Indiana 12,213 Washington
68%
Missouri 14,045 Washington
68%
New Jersey 48,559 Washington
68%
New Jersey 18,411 Washington
68%
Pennsylvania 13,392 Washington
68%
Utah 29,956 Washington
68%
Georgia 189,296 Columbus
67%
Indiana 47,665 Columbus
67%
Mississippi 23,375 Columbus
67%
Nebraska 23,752 Columbus
67%
Ohio 922,223 Columbus
67%
Pennsylvania 12,996 Indiana
67%
Utah 213,367 Salt Lake City
67%
Illinois 112,990 Springfield
67%
Massachusetts 155,472 Springfield
67%
Missouri 169,552 Springfield
67%
New Jersey 15,569 Springfield
67%
Ohio 59,908 Springfield
67%
Oregon 64,717 Springfield
67%
Tennessee 17,119 Springfield
67%
Virginia 31,117 Springfield
67%
Ohio 25,859 Green
66%
Indiana 875,929 Indianapolis
66%
Alaska 31,435 Juneau
66%
Kansas 153,600 Kansas City
66%
Missouri 505,198 Kansas City
66%
Louisiana 390,128 New Orleans
66%
California 1,447,100 San Diego
66%
Oklahoma 655,407 Oklahoma City
65%
Florida 291,739 Orlando
65%
Pennsylvania 1,591,800 Philadelphia
65%
Georgia 523,738 Atlanta
64%
California 49,128 Lincoln
64%
Illinois 13,537 Lincoln
64%
Nebraska 293,905 Lincoln
64%
Minnesota 437,069 Minneapolis
64%
Florida 413,704 Tampa
64%
Texas 15,465 Anna
63%
Idaho 234,576 Boise
63%
Minnesota 16,535 Buffalo
63%
New York 255,244 Buffalo
63%
North Carolina 905,318 Charlotte
63%
Mississippi 10,931 Cleveland
63%
Ohio 379,233 Cleveland
63%
Tennessee 45,902 Cleveland
63%
Texas 685,575 El Paso
63%
California 74,769 Pittsburg
63%
Kansas 20,080 Pittsburg
63%
Texas 1,578,030 San Antonio
63%
North Carolina 251,762 Winston-Salem
63%
Alabama 208,940 Birmingham
62%
Michigan 21,542 Birmingham
62%
California 521,769 Sacramento
62%
Massachusetts 43,873 Salem
62%
Ohio 11,537 Salem
62%
Oregon 179,944 Salem
62%
Virginia 26,091 Salem
62%
California 1,033,670 San Jose
62%
Missouri 293,792 St. Louis
62%
California 20,600 Albany
61%
Georgia 73,799 Albany
61%
New York 96,853 Albany
61%
Oregon 56,037 Albany
61%
Tennessee 673,167 Nashville
61%
Minnesota 311,895 St. Paul
61%
Maryland 590,479 Baltimore
60%
Illinois 19,874 Charleston
60%
South Carolina 138,458 Charleston
60%
West Virginia 45,703 Charleston
60%
Alabama 52,544 Madison
60%
Indiana 11,663 Madison
60%
Mississippi 25,718 Madison
60%
New Jersey 15,817 Madison
60%
Wisconsin 264,030 Madison
60%
Nevada 260,258 Reno
60%
New Mexico 561,188 Albuquerque
59%
Ohio 306,487 Cincinnati
59%
Tennessee 647,374 Memphis
59%
Wisconsin 585,589 Milwaukee
59%
California 110,414 Richmond
59%
Indiana 34,965 Richmond
59%
Kentucky 37,652 Richmond
59%
Texas 11,819 Richmond
59%
Virginia 232,055 Richmond
59%
Louisiana 216,701 Baton Rouge
58%
Iowa 217,891 Des Moines
58%
Washington 32,532 Des Moines
58%
Texas 932,116 Fort Worth
58%
Colorado 21,967 Louisville
58%
Kentucky 624,890 Louisville
58%
Nebraska 470,702 Omaha
58%
North Carolina 481,958 Raleigh
58%
Arizona 553,871 Tucson
58%
Illinois 10,551 Columbia
57%
Maryland 103,663 Columbia
57%
Missouri 125,976 Columbia
57%
Pennsylvania 10,363 Columbia
57%
South Carolina 133,031 Columbia
57%
Tennessee 41,508 Columbia
57%
New Mexico 85,502 Santa Fe
57%
Texas 13,781 Santa Fe
57%
Colorado 485,946 Colorado Springs
56%
Arkansas 197,371 Little Rock
56%
Oregon 21,090 Milwaukie
56%
Alabama 197,282 Montgomery
56%
Illinois 19,899 Montgomery
56%
New Jersey 22,185 Montgomery
56%
Ohio 10,967 Montgomery
56%
Florida 199,205 Tallahassee
56%
Georgia 196,303 Augusta
55%
Maine 18,809 Augusta
55%
North Dakota 74,162 Bismarck
55%
Wyoming 64,165 Cheyenne
55%
Delaware 21,362 Bear
54%
Georgia 13,140 Jefferson
54%
Louisiana 10,341 Jefferson
54%
New Jersey 21,085 Jefferson
54%
California 435,224 Oakland
54%
New Jersey 12,729 Oakland
54%
Rhode Island 178,901 Providence
54%
Michigan 13,340 Rochester
54%
Minnesota 119,917 Rochester
54%
New Hampshire 32,224 Rochester
54%
New York 203,792 Rochester
54%
Oklahoma 396,543 Tulsa
54%
California 91,147 Carson
53%
Alaska 30,996 Fairbanks
53%
Connecticut 121,033 Hartford
52%
Wisconsin 16,207 Hartford
52%
Alabama 20,345 Helena
52%
Montana 33,525 Helena
52%
California 51,242 Newark
52%
Delaware 34,493 Newark
52%
New Jersey 277,140 Newark
52%
Ohio 51,111 Newark
52%
Kansas 388,771 Wichita
52%
Delaware 38,499 Dover
51%
New Hampshire 32,343 Dover
51%
New Jersey 18,061 Dover
51%
Ohio 12,675 Dover
51%
North Dakota 129,530 Fargo
51%
South Dakota 190,519 Sioux Falls
51%
Virginia 447,841 Virginia Beach
51%
Massachusetts 45,147 Arlington
50%
Tennessee 11,689 Arlington
50%
Texas 402,762 Arlington
50%
Virginia 231,803 Arlington
50%
Washington 20,127 Arlington
50%
Kentucky 328,690 Lexington
50%
Massachusetts 33,480 Lexington
50%
Nebraska 10,017 Lexington
50%
North Carolina 18,669 Lexington
50%
South Carolina 22,323 Lexington
50%
Connecticut 29,899 Manchester
50%
Missouri 18,132 Manchester
50%
New Hampshire 113,441 Manchester
50%
New Jersey 43,070 Manchester
50%
Tennessee 11,130 Manchester
50%
Virginia 10,807 Manchester
50%
Alabama 186,804 Mobile
50%
Minnesota 12,243 St. Peter
50%
Montana 109,868 Billings
49%
California 130,664 Concord
49%
Missouri 17,652 Concord
49%
New Hampshire 43,840 Concord
49%
North Carolina 98,842 Concord
49%
Ohio 139,756 Dayton
49%
California 538,195 Fresno
49%
Texas 24,607 Fresno
49%
Washington 223,266 Spokane
49%
Illinois 27,141 Lansing
48%
Kansas 12,094 Lansing
48%
Michigan 120,921 Lansing
48%
Ohio 270,651 Toledo
48%
Kansas 125,092 Topeka
48%
Nevada 56,336 Carson City
47%
Michigan 205,289 Grand Rapids
47%
Minnesota 11,406 Grand Rapids
47%
Kentucky 14,796 Newport
47%
Oregon 11,064 Newport
47%
Rhode Island 24,238 Newport
47%
North Carolina 16,889 Harrisburg
46%
Pennsylvania 49,301 Harrisburg
46%
Tennessee 191,060 Knoxville
46%
Arizona 527,666 Mesa
46%
Washington 54,427 Olympia
46%
Georgia 145,754 Savannah
46%
Missouri 57,167 St. Peters
46%
New York 140,987 Syracuse
46%
Utah 32,810 Syracuse
46%
Michigan 18,068 Trenton
46%
New Jersey 84,913 Trenton
46%
Ohio 13,310 Trenton
46%
Delaware 70,139 Wilmington
46%
Massachusetts 23,658 Wilmington
46%
North Carolina 126,669 Wilmington
46%
Ohio 12,433 Wilmington
46%
Alabama 27,103 Athens
45%
Georgia 129,770 Athens
45%
Ohio 24,588 Athens
45%
Tennessee 13,921 Athens
45%
Texas 12,793 Athens
45%
Colorado 382,742 Aurora
45%
Illinois 198,870 Aurora
45%
Ohio 16,542 Aurora
45%
Louisiana 13,026 Baker
45%
Texas 325,406 Corpus Christi
45%
Colorado 28,003 Erie
45%
Pennsylvania 94,619 Erie
45%
Wisconsin 105,413 Green Bay
45%
New Jersey 247,597 Jersey City
45%
California 463,218 Long Beach
45%
Mississippi 16,082 Long Beach
45%
New York 33,660 Long Beach
45%
Maryland 39,014 Annapolis
44%
Nebraska 25,027 Norfolk
44%
Virginia 242,234 Norfolk
44%
Utah 92,828 St. George
44%
Florida 271,842 St. Petersburg
44%
Ohio 198,148 Akron
43%
California 352,911 Anaheim
43%
California 390,233 Bakersfield
43%
Iowa 24,510 Burlington
43%
Kentucky 17,069 Burlington
43%
Massachusetts 27,059 Burlington
43%
New Jersey 22,306 Burlington
43%
North Carolina 55,720 Burlington
43%
Vermont 43,021 Burlington
43%
Wisconsin 11,613 Burlington
43%
New Hampshire 11,101 Durham
43%
North Carolina 282,737 Durham
43%
Florida 184,599 Fort Lauderdale
43%
Indiana 270,989 Fort Wayne
43%
Illinois 19,464 Frankfort
43%
Indiana 15,817 Frankfort
43%
Kentucky 27,705 Frankfort
43%
North Carolina 299,946 Greensboro
43%
Ohio 10,359 London
43%
South Dakota 14,034 Pierre
43%
Texas 202,028 Amarillo
42%
Indiana 73,966 Gary
42%
Connecticut 130,850 New Haven
42%
Indiana 15,929 New Haven
42%
California 138,816 Orange
42%
Connecticut 13,937 Orange
42%
New Jersey 30,134 Orange
42%
Texas 18,336 Orange
42%
Pennsylvania 294,860 Pittsburgh
42%
California 336,285 Riverside
42%
Ohio 25,231 Riverside
42%
Texas 105,156 Wichita Falls
42%
Colorado 106,567 Boulder
41%
Georgia 29,817 Duluth
41%
Minnesota 85,728 Duluth
41%
Oregon 178,329 Eugene
41%
Kentucky 27,994 Henderson
41%
Nevada 330,084 Henderson
41%
North Carolina 14,730 Henderson
41%
Texas 13,158 Henderson
41%
California 26,961 Lafayette
41%
Colorado 29,538 Lafayette
41%
Indiana 72,668 Lafayette
41%
Louisiana 124,561 Lafayette
41%
Tennessee 10,145 Paris
41%
Texas 24,827 Paris
41%
Utah 118,592 Provo
41%
Georgia 37,248 Rome
41%
New York 32,238 Rome
41%
California 330,389 Santa Ana
41%
California 91,340 Santa Barbara
41%
Washington 222,603 Tacoma
41%
Maryland 12,209 Cambridge
40%
Massachusetts 121,783 Cambridge
40%
Ohio 10,280 Cambridge
40%
Alabama 202,910 Huntsville
40%
Texas 41,851 Huntsville
40%
Nevada 253,923 North Las Vegas
40%
Washington 186,516 Vancouver
40%
Massachusetts 186,433 Worcester
40%
Pennsylvania 44,134 York
40%
Louisiana 45,808 Alexandria
39%
Minnesota 14,068 Alexandria
39%
Virginia 165,748 Alexandria
39%
Texas 106,183 Allen
39%
New Jersey 39,558 Atlantic City
39%
Tennessee 184,143 Chattanooga
39%
Arkansas 90,757 Fayetteville
39%
Georgia 18,523 Fayetteville
39%
North Carolina 205,646 Fayetteville
39%
Missouri 42,588 Jefferson City
39%
California 217,671 San Bernardino
39%
Iowa 81,382 Sioux City
39%
California 35,408 Bell
38%
Arizona 75,752 Flagstaff
38%
Mississippi 28,508 Greenville
38%
North Carolina 95,183 Greenville
38%
Ohio 12,646 Greenville
38%
South Carolina 71,171 Greenville
38%
Texas 29,609 Greenville
38%
Florida 158,239 Hollywood
38%
Texas 260,823 Lubbock
38%
Georgia 13,769 Monroe
38%
Louisiana 46,737 Monroe
38%
Michigan 19,439 Monroe
38%
New Jersey 39,132 Monroe
38%
New Jersey 36,129 Monroe
38%
North Carolina 36,183 Monroe
38%
Ohio 14,269 Monroe
38%
Washington 20,205 Monroe
38%
Wisconsin 10,509 Monroe
38%
Florida 17,155 Brownsville
37%
Texas 183,748 Brownsville
37%
Iowa 135,502 Cedar Rapids
37%
Colorado 21,912 Evans
37%
Georgia 34,379 Evans
37%
California 158,627 Lancaster
37%
New York 10,044 Lancaster
37%
Ohio 41,192 Lancaster
37%
Pennsylvania 59,392 Lancaster
37%
Texas 40,017 Lancaster
37%
Louisiana 183,819 Shreveport
37%
Michigan 123,062 Ann Arbor
36%
North Carolina 14,504 Eden
36%
Arizona 254,500 Glendale
36%
California 204,765 Glendale
36%
Wisconsin 12,554 Glendale
36%
Iowa 78,440 Iowa City
36%
Arizona 262,222 Scottsdale
36%
Pennsylvania 77,218 Scranton
36%
Texas 144,015 Waco
36%
Michigan 94,867 Flint
35%
California 141,695 Pasadena
35%
Maryland 28,338 Pasadena
35%
Texas 151,891 Pasadena
35%
Minnesota 81,014 Plymouth
35%
California 90,555 Santa Monica
35%
Indiana 102,028 South Bend
35%
New York 199,021 Yonkers
35%
Pennsylvania 122,623 Allentown
34%
Florida 70,902 Daytona Beach
34%
California 303,956 Irvine
34%
New Jersey 27,190 Ocean
34%
Alabama 21,117 Oxford
34%
Mississippi 25,884 Oxford
34%
Ohio 23,859 Oxford
34%
California 316,996 Stockton
34%
Alabama 103,369 Tuscaloosa
34%
Maine 32,167 Bangor
33%
Connecticut 143,010 Bridgeport
33%
New Jersey 124,969 Elizabeth
33%
Colorado 172,862 Fort Collins
33%
Indiana 25,730 Franklin
33%
New Jersey 62,300 Franklin
33%
New Jersey 16,773 Franklin
33%
Ohio 11,638 Franklin
33%
Tennessee 88,004 Franklin
33%
Wisconsin 35,628 Franklin
33%
Indiana 16,911 Huntington
33%
New York 17,341 Huntington
33%
Virginia 13,135 Huntington
33%
West Virginia 44,416 Huntington
33%
California 201,941 Huntington Beach
33%
Ohio 29,448 Kent
33%
Washington 131,730 Kent
33%
Texas 264,703 Laredo
33%
Montana 77,058 Missoula
33%
New York 47,606 Niagara Falls
33%
New Hampshire 22,282 Portsmouth
33%
Ohio 20,476 Portsmouth
33%
Virginia 93,830 Portsmouth
33%
North Carolina 93,758 Asheville
32%
Oregon 105,418 Bend
32%
Connecticut 59,674 Bristol
32%
Tennessee 26,613 Bristol
32%
Virginia 16,096 Bristol
32%
Wyoming 55,293 Casper
32%
New Jersey 14,707 Clark
32%
Alaska 13,709 College
32%
California 65,801 Dublin
32%
Georgia 15,892 Dublin
32%
Ohio 52,465 Dublin
32%
Arizona 180,219 Peoria
32%
Illinois 108,194 Peoria
32%
California 129,972 Santa Clara
32%
Arizona 100,198 Yuma
32%
Oklahoma 17,209 Ada
31%
California 122,667 Berkeley
31%
New Jersey 41,255 Berkeley
31%
Virginia 248,106 Chesapeake
31%
Texas 50,849 Galveston
31%
Virginia 132,999 Hampton
31%
Idaho 63,543 Idaho Falls
31%
Georgia 152,519 Macon
31%
Texas 144,279 McAllen
31%
Alabama 68,138 Auburn
30%
California 14,215 Auburn
30%
Indiana 13,689 Auburn
30%
Maine 23,256 Auburn
30%
New York 26,210 Auburn
30%
Washington 87,135 Auburn
30%
Florida 134,945 Gainesville
30%
Georgia 45,820 Gainesville
30%
Texas 17,040 Gainesville
30%
Virginia 15,928 Gainesville
30%
Hawaii 46,284 Hilo
30%
Kansas 54,749 Manhattan
30%
Idaho 26,668 Moscow
30%
Virginia 177,064 Newport News
30%
California 186,653 Ontario
30%
Oregon 11,108 Ontario
30%
Illinois 12,104 Plano
30%
Texas 288,539 Plano
30%
California 21,783 Bloomington
29%
Illinois 77,566 Bloomington
29%
Indiana 85,981 Bloomington
29%
Minnesota 85,818 Bloomington
29%
Indiana 116,709 Evansville
29%
New Mexico 104,148 Las Cruces
29%
Florida 22,367 Naples
29%
Utah 88,061 Ogden
29%
Florida 52,411 Pensacola
29%
Colorado 113,662 Pueblo
29%
Virginia 99,648 Roanoke
29%
California 65,541 Santa Cruz
29%
Nebraska 53,945 Bellevue
28%
Washington 154,647 Bellevue
28%
Wisconsin 15,935 Bellevue
28%
Mississippi 46,370 Biloxi
28%
Montana 52,034 Bozeman
28%
Arizona 268,675 Chandler
28%
Virginia 49,449 Charlottesville
28%
California 239,525 Fremont
28%
Nebraska 26,731 Fremont
28%
Ohio 15,906 Fremont
28%
Georgia 13,469 Georgetown
28%
Kentucky 36,081 Georgetown
28%
Texas 81,322 Georgetown
28%
Texas 243,738 Irving
28%
Michigan 41,764 Midland
28%
Texas 145,012 Midland
28%
California 49,291 Palm Springs
28%
Florida 25,335 Palm Springs
28%
Arizona 194,218 Tempe
28%
Pennsylvania 33,775 Chester
27%
Virginia 22,144 Chester
27%
California 277,289 Chula Vista
27%
Iowa 101,965 Davenport
27%
Texas 104,189 Edinburg
27%
California 49,132 Florin
27%
Florida 88,732 Fort Myers
27%
Colorado 14,806 Frederick
27%
Maryland 74,346 Frederick
27%
New York 28,887 Jamestown
27%
North Dakota 15,310 Jamestown
27%
Indiana 49,698 Lawrence
27%
Kansas 99,496 Lawrence
27%
Massachusetts 80,760 Lawrence
27%
New Jersey 33,472 Lawrence
27%
Florida 91,756 Miami Beach
27%
Indiana 17,184 New Castle
27%
Oklahoma 10,916 Newcastle
27%
Pennsylvania 21,357 New Castle
27%
Washington 12,151 Newcastle
27%
Texas 119,738 Odessa
27%
South Dakota 77,525 Rapid City
27%
Massachusetts 25,100 Reading
27%
Ohio 10,244 Reading
27%
Pennsylvania 88,521 Reading
27%
California 210,543 Santa Clarita
27%
Connecticut 131,593 Stamford
27%
Arkansas 30,002 Texarkana
27%
Texas 37,191 Texarkana
27%
Maryland 17,043 Aberdeen
26%
New Jersey 18,157 Aberdeen
26%
South Dakota 29,180 Aberdeen
26%
Washington 16,956 Aberdeen
26%
Texas 123,707 Abilene
26%
Ohio 10,599 Brooklyn
26%
Montana 34,676 Butte
26%
Florida 199,503 Cape Coral
26%
California 26,938 Eureka
26%
Missouri 10,815 Eureka
26%
Alabama 40,572 Florence
26%
Arizona 26,955 Florence
26%
Kentucky 33,127 Florence
26%
New Jersey 12,109 Florence
26%
South Carolina 37,567 Florence
26%
North Dakota 57,060 Grand Forks
26%
Arkansas 13,181 Harrison
26%
New Jersey 13,574 Harrison
26%
New Jersey 12,411 Harrison
26%
New York 27,838 Harrison
26%
Ohio 12,060 Harrison
26%
Wisconsin 13,067 Harrison
26%
Ohio 11,422 Mack
26%
Oklahoma 126,377 Norman
26%
California 92,562 Redding
26%
Texas 37,236 San Juan
26%
California 108,366 Santa Maria
26%
New York 59,672 Utica
26%
Florida 114,508 West Palm Beach
26%
Ohio 65,422 Youngstown
26%
Kentucky 71,623 Bowling Green
25%
Ohio 32,350 Bowling Green
25%
Arkansas 10,681 Camden
25%
New Jersey 77,344 Camden
25%
Texas 121,526 College Station
25%
New Jersey 88,464 Hamilton
25%
New Jersey 26,342 Hamilton
25%
Ohio 61,956 Hamilton
25%
Wisconsin 101,124 Kenosha
25%
Florida 85,166 Melbourne
25%
California 218,758 Modesto
25%
South Carolina 35,760 Myrtle Beach
25%
Florida 36,708 Panama City
25%
Illinois 39,584 Quincy
25%
Massachusetts 94,948 Quincy
25%
Illinois 145,020 Rockford
25%
Georgia 94,872 Roswell
25%
New Mexico 46,977 Roswell
25%
Michigan 13,434 Sault Ste. Marie
25%
Minnesota 10,598 Victoria
25%
Texas 66,347 Victoria
25%
Georgia 32,550 Canton
24%
Illinois 13,384 Canton
24%
Mississippi 11,988 Canton
24%
Ohio 69,546 Canton
24%
Arkansas 10,039 Clarksville
24%
Indiana 21,670 Clarksville
24%
Tennessee 164,496 Clarksville
24%
Illinois 72,836 Evanston
24%
Wyoming 11,412 Evanston
24%
Arizona 258,935 Gilbert
24%
Colorado 65,110 Grand Junction
24%
Michigan 76,497 Kalamazoo
24%
California 78,373 Napa
24%
Mississippi 26,339 Pearl
24%
California 177,132 Santa Rosa
24%
Florida 59,218 Sarasota
24%
New Jersey 10,464 Southampton
24%
Texas 107,441 Tyler
24%
Florida 119,116 Clearwater
23%
Iowa 24,752 Clinton
23%
Maryland 40,027 Clinton
23%
Mississippi 25,037 Clinton
23%
New Jersey 13,409 Clinton
23%
Tennessee 10,190 Clinton
23%
Utah 23,097 Clinton
23%
Delaware 14,342 Glasgow
23%
Kentucky 14,326 Glasgow
23%
Montana 58,627 Great Falls
23%
Virginia 15,394 Great Falls
23%
Florida 12,507 Gulfport
23%
Mississippi 72,670 Gulfport
23%
Florida 243,208 Hialeah
23%
Illinois 148,227 Joliet
23%
Florida 114,264 Lakeland
23%
Tennessee 12,605 Lakeland
23%
California 79,368 Lakewood
23%
Colorado 158,660 Lakewood
23%
New Jersey 92,843 Lakewood
23%
Ohio 49,504 Lakewood
23%
Washington 61,676 Lakewood
23%
Wyoming 33,295 Laramie
23%
California 27,997 Monterey
23%
California 176,950 Oceanside
23%
New York 31,185 Oceanside
23%
Missouri 15,461 Overland
23%
California 212,715 Oxnard
23%
Alabama 18,930 Troy
23%
Illinois 10,492 Troy
23%
Michigan 84,470 Troy
23%
Missouri 13,006 Troy
23%
New York 49,054 Troy
23%
Ohio 26,458 Troy
23%
Michigan 134,375 Warren
23%
New Jersey 15,217 Warren
23%
Ohio 37,644 Warren
23%
California 103,865 Burbank
22%
Illinois 28,056 Burbank
22%
Ohio 11,378 Dent
22%
Wisconsin 69,506 Eau Claire
22%
Massachusetts 47,250 Everett
22%
Washington 113,836 Everett
22%
Alabama 10,450 Fairfield
22%
California 119,568 Fairfield
22%
Iowa 10,634 Fairfield
22%
Ohio 42,523 Fairfield
22%
Arkansas 88,373 Fort Smith
22%
Texas 215,060 Frisco
22%
Kentucky 29,197 Independence
22%
Missouri 116,715 Independence
22%
Oregon 11,022 Independence
22%
New York 31,755 Ithaca
22%
New York 22,726 Kingston
22%
Pennsylvania 12,850 Kingston
22%
Idaho 33,155 Lewiston
22%
Maine 35,868 Lewiston
22%
Idaho 115,550 Meridian
22%
Mississippi 35,949 Meridian
22%
Illinois 149,196 Naperville
22%
New Hampshire 90,080 Nashua
22%
Iowa 15,323 Newton
22%
Kansas 18,360 Newton
22%
Massachusetts 89,406 Newton
22%
North Carolina 13,319 Newton
22%
Kansas 196,636 Overland Park
22%
Florida 206,410 Port St. Lucie
22%
Kansas 45,928 Salina
22%
Arizona 34,398 San Luis
22%
Virginia 93,091 Suffolk
22%
New Jersey 25,890 Wall
22%
Washington 94,090 Yakima
22%
Wisconsin 74,832 Appleton
21%
California 52,623 Beaumont
21%
Texas 118,742 Beaumont
21%
Illinois 17,746 Cary
21%
North Carolina 175,102 Cary
21%
Illinois 89,149 Champaign
21%
Idaho 52,917 Coeur d'Alene
21%
California 70,827 Davis
21%
Texas 142,173 Denton
21%
Michigan 10,647 Farmington
21%
Minnesota 23,901 Farmington
21%
Missouri 19,199 Farmington
21%
New Mexico 44,044 Farmington
21%
Utah 26,508 Farmington
21%
Texas 246,627 Garland
21%
Alabama 85,740 Hoover
21%
Massachusetts 112,626 Lowell
21%
Massachusetts 57,633 Medford
21%
New Jersey 22,999 Medford
21%
New York 24,247 Medford
21%
Oregon 84,397 Medford
21%
Connecticut 26,919 New London
21%
California 27,138 Paradise
21%
Nevada 233,689 Paradise
21%
New Jersey 146,199 Paterson
21%
California 22,974 Patterson
21%
Florida 30,852 Princeton
21%
New Jersey 28,400 Princeton
21%
Texas 12,917 Princeton
21%
Washington 103,701 Spokane Valley
21%
Florida 60,201 St. Cloud
21%
Minnesota 68,505 St. Cloud
21%
Missouri 12,211 Union
21%
New Jersey 56,642 Union
21%
Virginia 15,026 Williamsburg
21%
Kentucky 18,629 Winchester
21%
Massachusetts 22,677 Winchester
21%
Nevada 28,331 Winchester
21%
Virginia 29,004 Winchester
21%
Arkansas 37,735 Benton
20%
Massachusetts 42,936 Beverly
20%
California 118,313 Carlsbad
20%
New Mexico 29,383 Carlsbad
20%
Indiana 95,964 Carmel
20%
Michigan 93,587 Dearborn
20%
Alabama 53,602 Decatur
20%
Georgia 27,598 Decatur
20%
Illinois 69,974 Decatur
20%
Maryland 40,480 Essex
20%
New York 14,005 Johnson City
20%
Tennessee 66,936 Johnson City
20%
Arkansas 79,192 Jonesboro
20%
Louisiana 80,169 Lake Charles
20%
California 12,693 Malibu
20%
Connecticut 45,770 Middletown
20%
Delaware 23,744 Middletown
20%
New Jersey 66,522 Middletown
20%
New York 27,991 Middletown
20%
Ohio 48,795 Middletown
20%
West Virginia 30,983 Morgantown
20%
Massachusetts 28,820 Northampton
20%
Idaho 57,166 Pocatello
20%
New Jersey 19,622 Sparta
20%
Florida 15,072 St. Augustine
20%
Florida 24,318 Venice
20%
Iowa 67,962 Ames
19%
California 10,844 Anderson
19%
Indiana 54,939 Anderson
19%
South Carolina 27,846 Anderson
19%
Pennsylvania 76,370 Bethlehem
19%
Colorado 43,998 Brighton
19%
New York 36,447 Brighton
19%
Oklahoma 110,135 Broken Arrow
19%
North Carolina 59,606 Chapel Hill
19%
California 97,962 Chico
19%
Kansas 26,823 Dodge City
19%
Iowa 57,901 Dubuque
19%
Texas 11,690 Fredericksburg
19%
Virginia 29,418 Fredericksburg
19%
Florida 12,528 Hudson
19%
Massachusetts 15,508 Hudson
19%
Ohio 22,341 Hudson
19%
Wisconsin 14,212 Hudson
19%
Texas 153,973 Killeen
19%
Alabama 12,217 Leeds
19%
Utah 52,539 Logan
19%
North Dakota 45,732 Minot
19%
Michigan 24,764 Mount Pleasant
19%
South Carolina 94,932 Mount Pleasant
19%
Texas 16,469 Mount Pleasant
19%
Wisconsin 27,310 Mount Pleasant
19%
Illinois 14,721 Mount Vernon
19%
New York 66,955 Mount Vernon
19%
Ohio 16,797 Mount Vernon
19%
Virginia 12,919 Mount Vernon
19%
Washington 37,141 Mount Vernon
19%
Tennessee 151,066 Murfreesboro
19%
Idaho 101,410 Nampa
19%
Ohio 19,822 Oregon
19%
Wisconsin 10,820 Oregon
19%
California 66,292 Palo Alto
19%
California 104,983 San Mateo
19%
Indiana 18,917 St. John
19%
Missouri 75,399 St. Joseph
19%
Arizona 142,049 Surprise
19%
Rhode Island 80,487 Warwick
19%
New York 25,234 Watertown
19%
South Dakota 22,285 Watertown
19%
Wisconsin 23,685 Watertown
19%
California 90,256 Westminster
19%
Colorado 113,919 Westminster
19%
Maryland 18,746 Westminster
19%
Oregon 99,102 Beaverton
18%
Washington 94,867 Bellingham
18%
Florida 102,800 Boca Raton
18%
Nevada 20,467 Elko
18%
Virginia 25,228 Fairfax
18%
Oregon 112,489 Hillsboro
18%
Indiana 16,581 Lebanon
18%
Missouri 14,853 Lebanon
18%
New Hampshire 13,582 Lebanon
18%
Ohio 20,753 Lebanon
18%
Oregon 17,530 Lebanon
18%
Pennsylvania 25,922 Lebanon
18%
Tennessee 37,260 Lebanon
18%
Virginia 84,180 Lynchburg
18%
Nevada 20,131 Mesquite
18%
Texas 141,926 Mesquite
18%
California 104,356 Norwalk
18%
Connecticut 88,871 Norwalk
18%
Iowa 12,303 Norwalk
18%
Ohio 16,975 Norwalk
18%
Wisconsin 66,831 Oshkosh
18%
Colorado 58,578 Parker
18%
South Carolina 12,850 Parker
18%
Wisconsin 77,536 Racine
18%
California 47,572 San Luis Obispo
18%
California 30,311 Saratoga
18%
Nevada 108,334 Sparks
18%
Idaho 51,770 Twin Falls
18%
Utah 135,715 West Valley City
18%
New York 17,796 Amsterdam
17%
New York 43,843 Binghamton
17%
California 171,213 Corona
17%
California 44,626 Danville
17%
Illinois 30,312 Danville
17%
Indiana 10,248 Danville
17%
Kentucky 16,854 Danville
17%
Virginia 39,455 Danville
17%
Massachusetts 30,771 Gloucester
17%
New Jersey 64,634 Gloucester
17%
New Jersey 11,456 Gloucester
17%
New Jersey 50,005 Hoboken
17%
Missouri 51,257 Joplin
17%
Florida 77,439 Kissimmee
17%
Tennessee 10,188 Martin
17%
South Carolina 115,383 North Charleston
17%
Connecticut 38,884 Norwich
17%
New Jersey 11,701 Ocean City
17%
California 156,299 Palmdale
17%
New York 31,001 Poughkeepsie
17%
California 155,619 Salinas
17%
Pennsylvania 42,216 State College
17%
Colorado 13,526 Sterling
17%
Illinois 14,323 Sterling
17%
Virginia 30,403 Sterling
17%
Michigan 60,768 Taylor
17%
Texas 17,513 Taylor
17%
California 127,228 Thousand Oaks
17%
California 111,566 Ventura
17%
Utah 117,426 West Jordan
17%
Florida 72,324 Weston
17%
Wisconsin 15,213 Weston
17%
California 15,317 Alamo
16%
Texas 19,842 Alamo
16%
Iowa 20,048 Altoona
16%
Pennsylvania 43,112 Altoona
16%
Indiana 19,209 Avon
16%
Ohio 23,701 Avon
16%
Indiana 13,306 Bedford
16%
Ohio 12,405 Bedford
16%
Texas 49,556 Bedford
16%
California 33,865 Beverly Hills
16%
Michigan 10,408 Beverly Hills
16%
Georgia 16,765 Brunswick
16%
Maine 15,244 Brunswick
16%
Ohio 35,295 Brunswick
16%
Georgia 27,301 Carrollton
16%
Texas 141,493 Carrollton
16%
California 218,573 Fontana
16%
Arkansas 37,145 Hot Springs
16%
South Dakota 14,280 Huron
16%
California 108,695 Inglewood
16%
Arizona 56,254 Lake Havasu City
16%
Massachusetts 96,032 Lynn
16%
Texas 208,487 McKinney
16%
Indiana 31,054 Michigan City
16%
Massachusetts 95,155 New Bedford
16%
New York 77,912 New Rochelle
16%
California 152,405 Pomona
16%
Texas 100,257 San Angelo
16%
New York 66,107 Schenectady
16%
Colorado 13,069 Superior
16%
Wisconsin 25,933 Superior
16%
Mississippi 38,030 Tupelo
16%
Washington 33,472 Walla Walla
16%
Alaska 11,435 Wasilla
16%
Illinois 10,710 Waterloo
16%
Iowa 67,228 Waterloo
16%
Pennsylvania 41,042 Wilkes-Barre
16%
Arkansas 55,539 Bentonville
15%
Virginia 44,392 Blacksburg
15%
California 118,014 Clovis
15%
New Mexico 38,008 Clovis
15%
Idaho 30,945 Eagle
15%
Michigan 48,144 East Lansing
15%
New Jersey 99,967 Edison
15%
California 177,406 Elk Grove
15%
California 138,200 Fullerton
15%
Pennsylvania 15,578 Fullerton
15%
Wyoming 28,357 Gillette
15%
Nebraska 51,440 Grand Island
15%
Texas 198,442 Grand Prairie
15%
California 161,314 Hayward
15%
North Carolina 112,900 High Point
15%
Alaska 10,098 Lakes
15%
Michigan 20,866 Marquette
15%
Florida 113,821 Miami Gardens
15%
California 212,992 Moreno Valley
15%
Florida 61,719 Ocala
15%
Kansas 142,841 Olathe
15%
Utah 99,045 Orem
15%
Rhode Island 71,581 Pawtucket
15%
Hawaii 46,129 Pearl City
15%
California 180,031 Rancho Cucamonga
15%
California 143,921 Roseville
15%
Michigan 47,157 Roseville
15%
Minnesota 37,281 Roseville
15%
Michigan 47,917 Saginaw
15%
Texas 24,737 Saginaw
15%
Maryland 32,971 Salisbury
15%
New York 11,753 Salisbury
15%
North Carolina 34,058 Salisbury
15%
Alabama 16,964 Selma
15%
California 24,841 Selma
15%
Texas 12,313 Selma
15%
Massachusetts 82,076 Somerville
15%
New Jersey 12,098 Somerville
15%
South Carolina 37,812 Spartanburg
15%
California 143,912 Torrance
15%
Illinois 41,516 Urbana
15%
Maryland 11,788 Urbana
15%
Ohio 11,388 Urbana
15%
California 137,272 Visalia
15%
Connecticut 107,701 Waterbury
15%
Michigan 16,740 Wayne
15%
New Jersey 54,717 Wayne
15%
Florida 30,210 Westchester
15%
Illinois 15,959 Westchester
15%
Pennsylvania 20,080 West Chester
15%
Illinois 38,938 Wheeling
15%
West Virginia 25,941 Wheeling
15%
New York 58,823 White Plains
15%
California 27,737 Windsor
15%
Colorado 33,011 Windsor
15%
Maryland 62,448 Bethesda
14%
California 40,171 Calexico
14%
Florida 137,007 Coral Springs
14%
Connecticut 84,100 Danbury
14%
Alabama 68,259 Dothan
14%
Maryland 16,438 Easton
14%
Pennsylvania 27,398 Easton
14%
Illinois 111,401 Elgin
14%
Texas 10,775 Elgin
14%
California 152,245 Escondido
14%
Massachusetts 89,633 Fall River
14%
Maryland 90,844 Germantown
14%
Tennessee 38,985 Germantown
14%
Wisconsin 19,875 Germantown
14%
Colorado 111,476 Greeley
14%
Connecticut 13,303 Greenwich
14%
Arkansas 12,124 Marion
14%
Illinois 17,502 Marion
14%
Indiana 27,689 Marion
14%
Iowa 41,213 Marion
14%
Ohio 35,307 Marion
14%
California 83,964 Merced
14%
Texas 85,621 Mission
14%
Oklahoma 63,117 Moore
14%
Indiana 68,083 Muncie
14%
Kentucky 60,323 Owensboro
14%
Florida 177,058 Pembroke Pines
14%
Texas 127,257 Richardson
14%
New Mexico 101,475 Rio Rancho
14%
Maryland 70,088 Rockville
14%
Texas 134,255 Round Rock
14%
California 98,237 San Marcos
14%
Texas 66,583 San Marcos
14%
Arkansas 83,249 Springdale
14%
Ohio 11,197 Springdale
14%
Illinois 32,918 St. Charles
14%
Missouri 72,750 St. Charles
14%
Texas 118,702 Sugar Land
14%
Texas 49,973 Texas City
14%
Colorado 143,890 Thornton
14%
California 123,073 Vallejo
14%
Virginia 16,630 Vienna
14%
West Virginia 10,018 Vienna
14%
Colorado 12,152 Wellington
14%
Florida 66,324 Wellington
14%
North Carolina 49,415 Wilson
14%
Ohio 12,110 Amherst
13%
California 112,225 Antioch
13%
Illinois 14,114 Antioch
13%
California 23,635 Ashland
13%
Kentucky 19,792 Ashland
13%
Ohio 20,535 Ashland
13%
Oregon 21,621 Ashland
13%
Maryland 14,298 California
13%
Missouri 47,558 Chesterfield
13%
Georgia 15,134 College Park
13%
Maryland 32,200 College Park
13%
Georgia 14,375 Covington
13%
Kentucky 40,136 Covington
13%
Louisiana 10,867 Covington
13%
Washington 21,802 Covington
13%
Maryland 18,988 Cumberland
13%
California 106,598 Daly City
13%
Illinois 58,243 Des Plaines
13%
Oklahoma 93,849 Edmond
13%
Colorado 22,270 Golden
13%
Arizona 87,897 Goodyear
13%
Indiana 74,423 Hammond
13%
Louisiana 20,820 Hammond
13%
New Jersey 13,659 Hanover
13%
Pennsylvania 15,686 Hanover
13%
Mississippi 45,309 Hattiesburg
13%
California 56,298 Highland
13%
Indiana 22,014 Highland
13%
Utah 20,079 Highland
13%
South Carolina 39,721 Hilton Head Island
13%
Florida 67,130 Jupiter
13%
Washington 86,101 Kennewick
13%
Wisconsin 51,367 La Crosse
13%
Utah 69,995 Lehi
13%
Ohio 36,474 Lima
13%
Texas 81,015 Longview
13%
Washington 39,240 Longview
13%
Georgia 60,754 Marietta
13%
Ohio 13,780 Marietta
13%
California 12,880 Marysville
13%
Ohio 25,153 Marysville
13%
Washington 72,477 Marysville
13%
Florida 10,783 Milton
13%
Georgia 39,971 Milton
13%
Massachusetts 27,568 Milton
13%
Florida 143,219 Miramar
13%
Illinois 15,424 Morris
13%
California 83,784 Newport Beach
13%
Alabama 26,029 Northport
13%
Florida 72,448 North Port
13%
Florida 118,076 Palm Bay
13%
Illinois 11,297 Pontiac
13%
Michigan 59,570 Pontiac
13%
Arizona 44,128 Prescott
13%
Oregon 32,684 Redmond
13%
Washington 71,838 Redmond
13%
Washington 103,091 Renton
13%
Washington 60,475 Richland
13%
Arizona 10,301 Sedona
13%
California 126,191 Simi Valley
13%
California 15,668 Stanford
13%
Minnesota 19,538 Stillwater
13%
Oklahoma 50,941 Stillwater
13%
California 152,427 Sunnyvale
13%
Florida 96,618 Sunrise
13%
Indiana 61,075 Terre Haute
13%
Michigan 15,785 Traverse City
13%
California 73,949 Union City
13%
Georgia 22,609 Union City
13%
New Jersey 66,455 Union City
13%
Tennessee 10,271 Union City
13%
Mississippi 21,744 Vicksburg
13%
California 122,870 Victorville
13%
Wisconsin 72,811 Waukesha
13%
Iowa 68,619 West Des Moines
13%
North Dakota 38,718 West Fargo
13%
California 74,724 Apple Valley
12%
Minnesota 55,059 Apple Valley
12%
Colorado 123,036 Arvada
12%
Arizona 88,755 Avondale
12%
Michigan 51,003 Battle Creek
12%
Florida 113,279 Brandon
12%
Mississippi 24,660 Brandon
12%
South Dakota 10,476 Brandon
12%
Colorado 112,151 Centennial
12%
California 95,865 Chino
12%
Arkansas 67,828 Conway
12%
Florida 13,548 Conway
12%
South Carolina 27,360 Conway
12%
Oregon 61,027 Corvallis
12%
Rhode Island 80,966 Cranston
12%
Florida 110,320 Davie
12%
Florida 94,495 Deltona
12%
Connecticut 12,453 Derby
12%
Kansas 24,755 Derby
12%
New Hampshire 22,381 Derry
12%
Hawaii 47,770 East Honolulu
12%
Illinois 25,968 East St. Louis
12%
California 10,583 Exeter
12%
Maryland 69,079 Gaithersburg
12%
California 170,328 Garden Grove
12%
Indiana 60,812 Greenwood
12%
Mississippi 13,220 Greenwood
12%
South Carolina 23,815 Greenwood
12%
Oregon 109,216 Gresham
12%
Virginia 54,445 Harrisonburg
12%
Florida 72,717 Homestead
12%
Wisconsin 65,149 Janesville
12%
Indiana 58,175 Kokomo
12%
North Carolina 14,411 Lewisville
12%
Texas 109,270 Lewisville
12%
New Hampshire 11,465 Londonderry
12%
New Mexico 12,373 Los Alamos
12%
Minnesota 13,454 Marshall
12%
Missouri 12,788 Marshall
12%
Texas 22,849 Marshall
12%
Ohio 34,176 Mason
12%
New Jersey 55,181 New Brunswick
12%
Arkansas 65,591 North Little Rock
12%
Illinois 17,996 Ottawa
12%
Kansas 12,337 Ottawa
12%
Texas 129,147 Pearland
12%
Virginia 31,441 Petersburg
12%
Florida 113,908 Pompano Beach
12%
New York 16,229 Roosevelt
12%
Florida 61,115 Sanford
12%
Maine 21,335 Sanford
12%
North Carolina 30,615 Sanford
12%
Maine 25,474 South Portland
12%
Michigan 133,370 Sterling Heights
12%
Wisconsin 10,961 Sussex
12%
California 117,852 Temecula
12%
Michigan 76,506 Wyoming
12%
California 78,096 Alameda
11%
Michigan 32,661 Bay City
11%
Texas 17,232 Bay City
11%
Iowa 12,414 Boone
11%
North Carolina 20,254 Boone
11%
Florida 22,056 Brent
11%
Massachusetts 96,313 Brockton
11%
Florida 10,641 Cape Canaveral
11%
Iowa 40,390 Cedar Falls
11%
California 12,424 Clayton
11%
Missouri 17,162 Clayton
11%
North Carolina 25,532 Clayton
11%
Ohio 13,261 Clayton
11%
Florida 51,503 Coral Gables
11%
California 59,502 Cupertino
11%
Florida 14,569 Destin
11%
Arizona 15,140 Douglas
11%
Georgia 11,376 Douglas
11%
Rhode Island 47,314 East Providence
11%
Kentucky 30,837 Elizabethtown
11%
Pennsylvania 11,288 Elizabethtown
11%
Indiana 52,223 Elkhart
11%
Oklahoma 48,015 Enid
11%
Alabama 28,979 Enterprise
11%
Nevada 164,314 Enterprise
11%
Washington 97,316 Federal Way
11%
Indiana 96,992 Fishers
11%
Wisconsin 42,613 Fond du Lac
11%
Virginia 10,298 Forest
11%
Idaho 12,161 Garden City
11%
Kansas 26,378 Garden City
11%
Michigan 26,289 Garden City
11%
New York 22,633 Garden City
11%
South Carolina 10,070 Garden City
11%
Maryland 40,291 Hagerstown
11%
Pennsylvania 14,542 Hershey
11%
California 93,738 Indio
11%
Colorado 15,505 Johnstown
11%
Pennsylvania 19,265 Johnstown
11%
New Jersey 40,684 Kearny
11%
Oklahoma 92,543 Lawton
11%
Florida 23,985 Leesburg
11%
Virginia 57,029 Leesburg
11%
Missouri 33,501 Liberty
11%
Virginia 41,773 Manassas
11%
Ohio 45,420 Mansfield
11%
Texas 76,247 Mansfield
11%
Missouri 11,397 Mexico
11%
Wisconsin 21,018 Middleton
11%
Connecticut 53,672 Milford
11%
Delaware 11,799 Milford
11%
Massachusetts 25,656 Milford
11%
California 84,067 Mountain View
11%
Florida 62,878 North Miami
11%
Ohio 77,755 Parma
11%
Arkansas 40,779 Pine Bluff
11%
Texas 54,766 Port Arthur
11%
New York 13,511 Ridge
11%
Georgia 110,779 Sandy Springs
11%
Wisconsin 47,830 Sheboygan
11%
Wyoming 17,931 Sheridan
11%
Texas 43,662 Sherman
11%
Maryland 79,750 Silver Spring
11%
Texas 33,595 Southlake
11%
Idaho 11,300 Star
11%
Texas 79,110 Temple
11%
Arizona 12,044 Vail
11%
North Carolina 48,048 Wake Forest
11%
Indiana 15,317 Warsaw
11%
Illinois 85,720 Waukegan
11%
California 67,790 Yuba City
11%
Oregon 10,036 Astoria
10%
Maryland 58,904 Bowie
10%
Missouri 11,765 Branson
10%
California 67,144 Brentwood
10%
New York 62,942 Brentwood
10%
Tennessee 42,924 Brentwood
10%
Arizona 82,186 Buckeye
10%
Louisiana 29,172 Central
10%
Colorado 20,572 Clifton
10%
New Jersey 84,136 Clifton
10%
Iowa 62,289 Council Bluffs
10%
North Carolina 13,393 Davidson
10%
Illinois 18,669 Deerfield
10%
Ohio 40,926 Delaware
10%
California 111,329 Downey
10%
Colorado 19,097 Durango
10%
California 103,113 El Cajon
10%
New York 36,028 Elmont
10%
New Jersey 30,487 Garfield
10%
North Carolina 79,784 Gastonia
10%
California 17,664 Greenfield
10%
Indiana 23,292 Greenfield
10%
Wisconsin 37,022 Greenfield
10%
Minnesota 22,849 Hastings
10%
Nebraska 24,972 Hastings
10%
New York 55,241 Hempstead
10%
North Carolina 14,503 Hendersonville
10%
Tennessee 59,556 Hendersonville
10%
Michigan 33,137 Holland
10%
Indiana 48,294 Jeffersonville
10%
Iowa 22,952 Johnston
10%
Montana 25,288 Kalispell
10%
Missouri 11,053 Kearney
10%
Nebraska 34,301 Kearney
10%
Washington 91,951 Kirkland
10%
Colorado 50,507 Littleton
10%
Colorado 78,402 Loveland
10%
Ohio 13,243 Loveland
10%
Minnesota 43,388 Mankato
10%
Arizona 52,208 Maricopa
10%
California 94,000 Mission Viejo
10%
Illinois 41,370 Moline
10%
California 118,005 Murrieta
10%
Wisconsin 25,377 Muskego
10%
California 88,314 Redwood City
10%
Utah 45,949 Riverton
10%
Wyoming 10,798 Riverton
10%
North Carolina 53,524 Rocky Mount
10%
Ohio 24,468 Sandusky
10%
California 24,368 San Fernando
10%
New York 28,355 Saratoga Springs
10%
Utah 37,255 Saratoga Springs
10%
Delaware 11,940 Smyrna
10%
Georgia 56,738 Smyrna
10%
Tennessee 53,599 Smyrna
10%
California 11,300 Sonoma
10%
Vermont 20,100 South Burlington
10%
Utah 79,013 South Jordan
10%
California 103,336 Vacaville
10%
Georgia 56,836 Valdosta
10%
Arkansas 24,227 Van Buren
10%
New Jersey 23,867 Vernon
10%
Texas 10,114 Vernon
10%
California 105,327 West Covina
10%
California 37,430 West Hollywood
10%
Indiana 48,398 West Lafayette
10%
Indiana 11,171 Yorktown
10%
Illinois 23,419 Zion
10%
Georgia 66,847 Alpharetta
9%
Kansas 13,692 Andover
9%
Minnesota 33,796 Andover
9%
California 26,845 Belmont
9%
Massachusetts 26,043 Belmont
9%
North Carolina 13,315 Belmont
9%
Florida 60,888 Bradenton
9%
Ohio 13,824 Bridgetown
9%
Massachusetts 59,234 Brookline
9%
Texas 87,423 Bryan
9%
Idaho 59,809 Caldwell
9%
Alabama 14,547 Chelsea
9%
Massachusetts 40,250 Chelsea
9%
Illinois 79,943 Cicero
9%
California 115,081 Costa Mesa
9%
California 47,527 Covina
9%
North Dakota 21,835 Dickinson
9%
Texas 21,345 Dickinson
9%
Indiana 27,408 East Chicago
9%
New York 26,636 Elmira
9%
Massachusetts 73,917 Framingham
9%
Missouri 12,317 Fulton
9%
New York 11,095 Fulton
9%
Illinois 22,081 Geneva
9%
New York 12,860 Geneva
9%
Louisiana 31,842 Houma
9%
Texas 111,752 League City
9%
Missouri 100,683 Lee's Summit
9%
Michigan 93,375 Livonia
9%
Colorado 99,381 Longmont
9%
Louisiana 143,481 Metairie
9%
Minnesota 54,861 Minnetonka
9%
Texas 75,061 Missouri City
9%
Texas 95,782 New Braunfels
9%
Illinois 54,872 Normal
9%
Oregon 37,839 Oregon City
9%
Illinois 36,013 Oswego
9%
New York 17,103 Oswego
9%
Alabama 14,197 Ozark
9%
Missouri 21,338 Ozark
9%
Kentucky 24,672 Paducah
9%
Massachusetts 12,315 Palmer
9%
West Virginia 29,123 Parkersburg
9%
Florida 36,809 Parkland
9%
Washington 37,185 Parkland
9%
Washington 77,540 Pasco
9%
New Jersey 69,781 Passaic
9%
Massachusetts 41,939 Pittsfield
9%
Florida 96,368 Plantation
9%
Washington 34,833 Pullman
9%
Arkansas 70,278 Rogers
9%
Minnesota 13,470 Rogers
9%
Vermont 15,087 Rutland
9%
California 64,431 San Clemente
9%
California 67,585 South San Francisco
9%
California 31,591 Spring Valley
9%
Nevada 199,722 Spring Valley
9%
New York 32,387 Spring Valley
9%
Georgia 18,520 St. Marys
9%
Pennsylvania 12,187 St. Marys
9%
South Carolina 39,080 Sumter
9%
Florida 77,609 The Villages
9%
Texas 109,843 The Woodlands
9%
Florida 46,359 University
9%
Florida 36,086 University
9%
California 101,200 Vista
9%
Wisconsin 38,532 Wausau
9%
Indiana 45,518 Westfield
9%
Massachusetts 41,410 Westfield
9%
New Jersey 30,316 Westfield
9%
Connecticut 55,263 West Haven
9%
Utah 17,683 West Haven
9%
Arkansas 23,996 West Memphis
9%
North Dakota 25,810 Williston
9%
Minnesota 26,383 Winona
9%
California 62,173 Woodland
9%
California 83,961 Alhambra
8%
California 58,888 Arcadia
8%
Illinois 74,593 Arlington Heights
8%
West Virginia 15,547 Beckley
8%
Minnesota 16,348 Bemidji
8%
Colorado 11,822 Berkley
8%
Michigan 15,513 Berkley
8%
Nevada 16,153 Boulder City
8%
Florida 81,676 Boynton Beach
8%
South Dakota 25,149 Brookings
8%
Colorado 72,783 Broomfield
8%
California 43,014 Campbell
8%
Missouri 39,679 Cape Girardeau
8%
Pennsylvania 18,906 Carlisle
8%
Utah 34,439 Cedar City
8%
South Carolina 18,710 Clemson
8%
California 12,690 Commerce
8%
Texas 93,160 Conroe
8%
Florida 71,646 Delray Beach
8%
California 119,827 East Los Angeles
8%
New Jersey 64,270 East Orange
8%
Colorado 10,071 Edwards
8%
California 10,299 Fairview
8%
New Jersey 13,712 Fairview
8%
Texas 10,182 Fairview
8%
Florida 12,063 Florida City
8%
Illinois 23,350 Freeport
8%
New York 43,040 Freeport
8%
Texas 12,437 Freeport
8%
New Mexico 21,605 Gallup
8%
New Jersey 43,010 Hackensack
8%
California 86,215 Hawthorne
8%
New Jersey 18,579 Hawthorne
8%
North Carolina 41,595 Hickory
8%
Alabama 13,156 Jasper
8%
Indiana 15,714 Jasper
8%
California 113,375 Jurupa Valley
8%
Hawaii 36,662 Kailua
8%
Hawaii 15,268 Kailua
8%
Texas 21,234 Katy
8%
Tennessee 56,028 Kingsport
8%
California 87,345 Lake Forest
8%
Illinois 19,940 Lake Forest
8%
Florida 86,188 Largo
8%
Maryland 11,604 Largo
8%
Utah 79,293 Layton
8%
California 91,259 Livermore
8%
California 69,235 Lodi
8%
New Jersey 23,943 Lodi
8%
Michigan 36,903 Muskegon
8%
Connecticut 72,045 New Britain
8%
Nebraska 23,522 North Platte
8%
California 13,730 Oak Park
8%
Illinois 52,443 Oak Park
8%
Michigan 29,450 Oak Park
8%
Illinois 29,918 O'Fallon
8%
Missouri 90,684 O'Fallon
8%
California 54,597 Palm Desert
8%
New York 19,534 Plattsburgh
8%
Indiana 37,070 Portage
8%
Michigan 50,126 Portage
8%
Wisconsin 10,693 Portage
8%
Washington 20,646 Port Angeles
8%
Michigan 28,635 Port Huron
8%
California 104,108 Rialto
8%
Georgia 17,129 Riverdale
8%
Illinois 12,951 Riverdale
8%
South Carolina 76,159 Rock Hill
8%
Illinois 37,072 Rock Island
8%
California 71,365 Rocklin
8%
Wyoming 22,272 Rock Springs
8%
New York 20,274 Rotterdam
8%
Utah 39,779 Roy
8%
New Jersey 17,892 Rutherford
8%
California 58,428 San Rafael
8%
California 75,945 San Ramon
8%
Illinois 72,387 Schaumburg
8%
Nebraska 14,621 Scottsbluff
8%
California 33,296 Seaside
8%
Kansas 66,215 Shawnee
8%
Oklahoma 31,606 Shawnee
8%
North Carolina 20,038 Shelby
8%
Mississippi 56,792 Southaven
8%
California 22,382 South Lake Tahoe
8%
Florida 12,277 South Miami
8%
Virginia 25,522 Staunton
8%
South Carolina 54,198 Summerville
8%
Illinois 13,383 Swansea
8%
Alabama 14,971 Talladega
8%
New Jersey 91,239 Toms River
8%
Maryland 58,347 Towson
8%
California 94,808 Tracy
8%
New Jersey 13,297 Verona
8%
Wisconsin 13,512 Verona
8%
New Jersey 60,724 Vineland
8%
Massachusetts 62,954 Waltham
8%
Connecticut 63,127 West Hartford
8%
Connecticut 27,840 Westport
8%
California 85,520 Whittier
8%
Pennsylvania 27,842 Williamsport
8%
New Jersey 99,585 Woodbridge
8%
New Mexico 32,205 Alamogordo
7%
Alabama 21,223 Anniston
7%
North Carolina 59,842 Apex
7%
New Jersey 63,024 Bayonne
7%
Illinois 40,878 Belleville
7%
New Jersey 35,926 Belleville
7%
Wisconsin 37,336 Beloit
7%
Louisiana 68,915 Bossier City
7%
Washington 42,001 Bremerton
7%
Maryland 15,036 Brooklyn Park
7%
Minnesota 81,486 Brooklyn Park
7%
California 23,918 Calabasas
7%
California 14,677 California City
7%
Colorado 70,687 Castle Rock
7%
Ohio 23,724 Centerville
7%
Utah 18,474 Centerville
7%
Illinois 13,032 Chatham
7%
New Jersey 10,452 Chatham
7%
California 86,777 Chino Hills
7%
Florida 19,661 Cocoa
7%
California 38,800 Culver City
7%
Georgia 33,288 Dalton
7%
Michigan 55,146 Dearborn Heights
7%
Illinois 42,603 DeKalb
7%
Connecticut 50,453 East Hartford
7%
Minnesota 53,186 Edina
7%
California 44,198 El Centro
7%
Arkansas 17,600 El Dorado
7%
Kansas 12,895 El Dorado
7%
California 115,508 El Monte
7%
Ohio 53,773 Elyria
7%
Colorado 35,168 Englewood
7%
Florida 15,252 Englewood
7%
New Jersey 26,764 Englewood
7%
Ohio 13,469 Englewood
7%
California 80,610 Folsom
7%
Oregon 39,377 Grants Pass
7%
Wyoming 11,608 Green River
7%
Alabama 13,109 Gulf Shores
7%
Massachusetts 64,907 Haverhill
7%
California 86,621 Hemet
7%
California 97,728 Hesperia
7%
Massachusetts 10,424 Hull
7%
California 18,349 Imperial
7%
North Carolina 52,147 Kannapolis
7%
Arizona 30,944 Kingman
7%
Pennsylvania 20,428 King of Prussia
7%
California 22,560 Lakeside
7%
Florida 30,890 Lakeside
7%
Virginia 12,180 Lakeside
7%
Minnesota 69,295 Lakeville
7%
Maryland 25,541 Laurel
7%
Mississippi 18,230 Laurel
7%
Virginia 17,470 Laurel
7%
Kansas 36,192 Leavenworth
7%
California 14,745 Livingston
7%
New Jersey 29,366 Livingston
7%
Ohio 64,170 Lorain
7%
California 35,722 Manhattan Beach
7%
Minnesota 74,063 Maple Grove
7%
New Jersey 40,191 Marlboro
7%
Indiana 11,632 Martinsville
7%
Virginia 12,764 Martinsville
7%
South Carolina 25,327 Mauldin
7%
Connecticut 59,398 Meriden
7%
South Dakota 15,568 Mitchell
7%
New Jersey 22,254 Morristown
7%
New Jersey 18,392 Morristown
7%
Tennessee 30,284 Morristown
7%
Kentucky 19,604 Murray
7%
Utah 49,728 Murray
7%
Wisconsin 39,729 New Berlin
7%
North Carolina 30,157 New Bern
7%
Arizona 20,276 Nogales
7%
California 24,385 Oakdale
7%
Minnesota 28,088 Oakdale
7%
Florida 91,563 Palm Coast
7%
Florida 13,201 Panama City Beach
7%
Georgia 18,433 Perry
7%
Mississippi 10,650 Petal
7%
Illinois 45,950 Plainfield
7%
Indiana 37,484 Plainfield
7%
New Jersey 49,808 Plainfield
7%
California 83,232 Pleasanton
7%
Texas 10,888 Pleasanton
7%
Maryland 45,824 Potomac
7%
Arizona 48,729 Prescott Valley
7%
Maryland 16,978 Redland
7%
California 66,820 Redondo Beach
7%
California 88,965 San Leandro
7%
Illinois 62,088 Skokie
7%
Kentucky 11,626 Somerset
7%
Massachusetts 18,207 Somerset
7%
Utah 33,610 Springville
7%
New York 13,155 St. James
7%
Florida 47,663 Titusville
7%
California 66,393 Tulare
7%
Texas 16,203 Uvalde
7%
California 30,188 Walnut
7%
Georgia 76,591 Warner Robins
7%
Maine 16,778 Waterville
7%
Pennsylvania 10,938 Waynesboro
7%
Virginia 23,704 Waynesboro
7%
Ohio 32,067 Westlake
7%
New Jersey 49,708 West New York
7%
Mississippi 10,274 West Point
7%
Utah 10,943 West Point
7%
Rhode Island 41,585 Woonsocket
7%
Texas 13,466 Andrews
6%
Iowa 72,820 Ankeny
6%
Arkansas 10,009 Arkadelphia
6%
Kansas 11,503 Arkansas City
6%
New York 25,134 Baldwin
6%
Pennsylvania 19,158 Baldwin
6%
California 24,132 Barstow
6%
Minnesota 67,496 Blaine
6%
New Jersey 47,315 Bloomfield
6%
Illinois 18,150 Brookfield
6%
Wisconsin 38,972 Brookfield
6%
Arizona 40,945 Bullhead City
6%
Pennsylvania 12,851 Butler
6%
California 69,685 Camarillo
6%
Texas 16,495 Canyon
6%
Illinois 24,730 Carbondale
6%
Arizona 60,184 Casa Grande
6%
Massachusetts 55,624 Chicopee
6%
California 10,771 Citrus
6%
California 36,374 Claremont
6%
New Hampshire 12,895 Claremont
6%
Maryland 23,548 Clarksburg
6%
West Virginia 14,990 Clarksburg
6%
California 46,813 Coachella
6%
Florida 11,933 Cocoa Beach
6%
Colorado 25,094 Columbine
6%
Alabama 27,378 Daphne
6%
Florida 81,915 Deerfield Beach
6%
Texas 36,000 Del Rio
6%
California 21,237 Dixon
6%
Illinois 15,197 Dixon
6%
Minnesota 67,097 Eagan
6%
Connecticut 28,860 East Haven
6%
Minnesota 64,704 Eden Prairie
6%
Maryland 72,247 Ellicott City
6%
Kansas 24,641 Emporia
6%
California 62,826 Encinitas
6%
Massachusetts 41,122 Fitchburg
6%
Wisconsin 31,556 Fitchburg
6%
New Jersey 35,345 Fort Lee
6%
Alabama 34,857 Gadsden
6%
California 59,713 Gardena
6%
California 63,096 Gilroy
6%
North Carolina 32,252 Goldsboro
6%
North Carolina 15,464 Graham
6%
Washington 28,194 Graham
6%
Texas 57,834 Grapevine
6%
Kansas 20,616 Hays
6%
Texas 14,724 Hereford
6%
California 11,386 Hillsborough
6%
New Jersey 38,303 Hillsborough
6%
New Mexico 37,465 Hobbs
6%
Massachusetts 40,266 Holyoke
6%
Minnesota 19,561 Hopkins
6%
Wisconsin 20,507 Howard
6%
North Carolina 59,260 Huntersville
6%
Kansas 39,945 Hutchinson
6%
Minnesota 14,107 Hutchinson
6%
Hawaii 32,312 Kahului
6%
Illinois 25,668 Kankakee
6%
New Hampshire 23,146 Keene
6%
Florida 74,631 Kendall
6%
Louisiana 66,351 Kenner
6%
Georgia 30,173 LaGrange
6%
Illinois 15,178 La Grange
6%
California 22,749 Laguna Beach
6%
Florida 12,256 Lake City
6%
California 59,500 La Mesa
6%
Massachusetts 42,223 Leominster
6%
Washington 39,047 Lynnwood
6%
West Virginia 17,431 Martinsburg
6%
Missouri 11,669 Maryville
6%
Tennessee 29,896 Maryville
6%
Ohio 25,990 Medina
6%
New Jersey 13,620 Middlesex
6%
California 80,486 Milpitas
6%
Pennsylvania 27,113 Monroeville
6%
California 36,371 Monrovia
6%
California 40,133 Montclair
6%
New Jersey 37,669 Montclair
6%
Virginia 20,494 Montclair
6%
Colorado 20,076 Montrose
6%
Alabama 14,655 Muscle Shoals
6%
Oklahoma 37,214 Muskogee
6%
Mississippi 14,809 Natchez
6%
Oregon 24,150 Newberg
6%
Indiana 66,321 Noblesville
6%
Ohio 11,997 Norton
6%
Missouri 36,827 Oakville
6%
New York 10,684 Oneida
6%
Georgia 36,308 Peachtree City
6%
California 82,181 Perris
6%
California 62,361 Petaluma
6%
Texas 82,411 Pharr
6%
Alabama 35,007 Phenix City
6%
Massachusetts 54,105 Revere
6%
Idaho 29,517 Rexburg
6%
California 43,031 San Bruno
6%
California 31,330 San Carlos
6%
California 50,403 San Jacinto
6%
California 13,092 San Marino
6%
California 31,258 San Pablo
6%
Florida 11,289 Sebring
6%
Washington 58,422 Shoreline
6%
Michigan 73,034 Southfield
6%
Georgia 98,837 South Fulton
6%
Florida 107,855 Spring Hill
6%
Tennessee 45,296 Spring Hill
6%
Mississippi 25,543 Starkville
6%
Wisconsin 25,881 Stevens Point
6%
Oregon 14,203 St. Helens
6%
Connecticut 52,279 Stratford
6%
Michigan 10,728 Sturgis
6%
Arizona 39,348 Sun City
6%
Massachusetts 57,320 Taunton
6%
South Carolina 21,923 Taylors
6%
California 77,810 Upland
6%
Florida 17,884 Vero Beach
6%
California 70,569 Walnut Creek
6%
New Jersey 10,649 Waterford
6%
Wisconsin 58,530 West Allis
6%
Wisconsin 31,422 West Bend
6%
Illinois 26,827 West Chicago
6%
New Jersey 46,207 West Orange
6%
Illinois 52,914 Wheaton
6%
Maryland 50,459 Wheaton
6%
Florida 47,414 Winter Garden
6%
Florida 45,892 Winter Haven
6%
Florida 32,391 Winter Park
6%
Minnesota 73,404 Woodbury
6%
New Jersey 10,174 Woodbury
6%
New York 11,084 Woodbury
6%
Georgia 33,698 Woodstock
6%
Illinois 25,406 Woodstock
6%
Illinois 10,379 Worth
6%
California 67,513 Yorba Linda
6%
Oklahoma 28,828 Yukon
6%
Ohio 25,446 Zanesville
6%
Minnesota 17,763 Albert Lea
5%
Alabama 21,652 Albertville
5%
California 15,233 Alpine
5%
Utah 10,604 Alpine
5%
Illinois 26,238 Alton
5%
Texas 18,414 Alton
5%
Arizona 43,703 Apache Junction
5%
Arizona 11,761 Arizona City
5%
New Jersey 16,008 Asbury Park
5%
Alaska 18,792 Badger
5%
Georgia 12,072 Bainbridge
5%
Texas 77,726 Baytown
5%
California 76,627 Bellflower
5%
Oklahoma 19,023 Bethany
5%
Oregon 24,396 Bethany
5%
California 19,779 Blythe
5%
Illinois 76,468 Bolingbrook
5%
California 13,324 Bonita
5%
Utah 44,304 Bountiful
5%
California 43,967 Brea
5%
Missouri 11,514 Bridgeton
5%
New Jersey 24,958 Bridgeton
5%
Georgia 55,219 Brookhaven
5%
Mississippi 11,997 Brookhaven
5%
Texas 18,907 Buda
5%
California 81,679 Buena Park
5%
Michigan 10,513 Cadillac
5%
Illinois 12,208 Centralia
5%
Washington 18,245 Centralia
5%
New Jersey 71,045 Cherry Hill
5%
Virginia 19,731 Cherry Hill
5%
Wisconsin 14,294 Chippewa Falls
5%
California 88,890 Citrus Heights
5%
Georgia 12,743 Clarkston
5%
Ohio 43,805 Cleveland Heights
5%
California 55,079 Colton
5%
Colorado 61,313 Commerce City
5%
Arizona 13,459 Coolidge
5%
Minnesota 62,795 Coon Rapids
5%
Oregon 16,595 Coos Bay
5%
New York 10,435 Corning
5%
California 19,870 Coronado
5%
Minnesota 23,123 Crystal
5%
Ohio 49,334 Cuyahoga Falls
5%
California 49,002 Cypress
5%
Texas 54,459 DeSoto
5%
Texas 16,553 Donna
5%
Florida 66,970 Doral
5%
Oklahoma 21,778 Duncan
5%
Texas 29,659 Eagle Pass
5%
Florida 32,315 East Lake
5%
Ohio 18,133 Eastlake
5%
Washington 43,821 Edmonds
5%
California 25,593 El Cerrito
5%
North Carolina 17,526 Elizabeth City
5%
Vermont 11,597 Essex Junction
5%
Minnesota 10,031 Fairmont
5%
West Virginia 18,349 Fairmont
5%
Virginia 16,186 Falls Church
5%
Michigan 80,829 Farmington Hills
5%
Missouri 20,500 Ferguson
5%
California 16,113 Fillmore
5%
Iowa 23,950 Fort Dodge
5%
Florida 47,245 Fort Pierce
5%
Florida 22,740 Fort Walton Beach
5%
Colorado 31,378 Fountain
5%
Kansas 22,259 Gardner
5%
Massachusetts 20,935 Gardner
5%
Texas 65,402 Harlingen
5%
Illinois 29,696 Highland Park
5%
Michigan 10,704 Highland Park
5%
New Jersey 13,926 Highland Park
5%
California 57,723 Huntington Park
5%
Idaho 12,171 Jerome
5%
Oregon 21,934 Klamath Falls
5%
California 68,008 Laguna Niguel
5%
Georgia 30,249 Lawrenceville
5%
Kansas 18,265 Liberal
5%
New Jersey 40,499 Linden
5%
California 30,516 Los Gatos
5%
California 69,916 Lynwood
5%
California 67,456 Madera
5%
Massachusetts 60,860 Malden
5%
North Dakota 22,973 Mandan
5%
Wisconsin 32,229 Manitowoc
5%
California 86,064 Manteca
5%
Minnesota 41,916 Maplewood
5%
New Jersey 23,594 Maplewood
5%
Iowa 26,975 Mason City
5%
North Carolina 33,891 Matthews
5%
California 96,691 Menifee
5%
California 34,949 Menlo Park
5%
Oklahoma 56,883 Midwest City
5%
Minnesota 14,071 Monticello
5%
Minnesota 44,753 Moorhead
5%
Arkansas 12,531 Mountain Home
5%
Idaho 15,239 Mountain Home
5%
California 61,653 National City
5%
Indiana 36,420 New Albany
5%
Ohio 11,467 New Albany
5%
Maryland 50,262 North Bethesda
5%
Illinois 29,798 North Chicago
5%
Minnesota 20,774 Northfield
5%
Connecticut 23,786 North Haven
5%
Illinois 12,065 Northlake
5%
South Carolina 12,749 Orangeburg
5%
Arizona 46,933 Oro Valley
5%
California 38,183 Pacifica
5%
Texas 18,150 Palestine
5%
Massachusetts 53,676 Peabody
5%
Oregon 16,837 Pendleton
5%
Indiana 10,670 Peru
5%
Texas 71,983 Pflugerville
5%
Florida 61,204 Port Charlotte
5%
New York 15,600 Port Washington
5%
Wisconsin 12,096 Port Washington
5%
Idaho 38,145 Post Falls
5%
Washington 43,204 Puyallup
5%
Arizona 49,865 Queen Creek
5%
California 72,226 Redlands
5%
Minnesota 16,548 Red Wing
5%
Virginia 60,335 Reston
5%
Michigan 76,048 Rochester Hills
5%
Texas 10,969 Rockport
5%
Texas 11,533 Roma
5%
California 23,617 Rosemont
5%
Washington 67,969 Sammamish
5%
California 33,768 San Dimas
5%
California 40,303 San Gabriel
5%
California 29,813 Santa Paula
5%
California 58,407 Santee
5%
Washington 29,561 SeaTac
5%
Florida 19,162 Seminole
5%
Indiana 19,466 Shelbyville
5%
Kentucky 16,776 Shelbyville
5%
Tennessee 22,410 Shelbyville
5%
Ohio 20,468 Sidney
5%
Arizona 43,972 Sierra Vista
5%
North Carolina 13,235 Smithfield
5%
Utah 12,417 Smithfield
5%
Missouri 10,961 Smithville
5%
Washington 10,561 Snohomish
5%
West Virginia 11,740 South Charleston
5%
California 93,645 South Gate
5%
Michigan 28,850 Southgate
5%
Utah 26,049 South Salt Lake
5%
Utah 41,307 Spanish Fork
5%
South Dakota 12,084 Spearfish
5%
Iowa 10,919 Spencer
5%
New Jersey 26,503 Stafford
5%
Texas 18,074 Stafford
5%
California 37,722 Stanton
5%
Colorado 13,764 Steamboat Springs
5%
Minnesota 49,069 St. Louis Park
5%
Minnesota 18,642 St. Michael
5%
Nevada 192,934 Sunrise Manor
5%
Florida 21,553 Sweetwater
5%
Texas 10,244 Sweetwater
5%
Utah 59,560 Taylorsville
5%
Oregon 16,290 The Dalles
5%
Georgia 18,587 Thomasville
5%
North Carolina 26,331 Thomasville
5%
California 74,892 Turlock
5%
California 79,539 Tustin
5%
California 27,502 Twentynine Palms
5%
Florida 26,317 University Park
5%
Texas 25,498 University Park
5%
Indiana 34,619 Valparaiso
5%
South Dakota 10,961 Vermillion
5%
California 54,178 Watsonville
5%
Washington 34,447 Wenatchee
5%
California 54,483 West Sacramento
5%
Massachusetts 59,379 Weymouth
5%
South Dakota 14,676 Yankton
5%
Michigan 21,051 Ypsilanti
5%
Indiana 28,343 Zionsville
5%
Illinois 36,408 Addison
4%
Texas 15,907 Addison
4%
Alabama 33,818 Alabaster
4%
Texas 18,591 Alice
4%
California 52,031 Aliso Viejo
4%
Utah 34,153 American Fork
4%
Washington 17,959 Anacortes
4%
Minnesota 17,683 Anoka
4%
Florida 56,973 Apopka
4%
Oklahoma 24,629 Ardmore
4%
Pennsylvania 13,083 Ardmore
4%
North Carolina 25,758 Asheboro
4%
Ohio 17,845 Ashtabula
4%
Florida 14,209 Atlantic Beach
4%
Massachusetts 45,779 Attleboro
4%
Michigan 24,966 Auburn Hills
4%
California 50,192 Azusa
4%
Illinois 40,519 Bartlett
4%
Tennessee 59,709 Bartlett
4%
Illinois 26,554 Batavia
4%
New York 14,337 Batavia
4%
South Carolina 13,425 Beaufort
4%
Ohio 48,397 Beavercreek
4%
Texas 19,054 Bellaire
4%
Alabama 26,348 Bessemer
4%
Iowa 36,949 Bettendorf
4%
Missouri 56,014 Blue Springs
4%
Illinois 15,107 Bradley
4%
Minnesota 13,651 Brainerd
4%
New Jersey 75,072 Brick
4%
New Jersey 44,464 Bridgewater
4%
Washington 53,138 Burien
4%
Minnesota 61,461 Burnsville
4%
Michigan 28,612 Burton
4%
California 55,826 Cathedral City
4%
Texas 48,521 Cedar Hill
4%
Texas 83,007 Cedar Park
4%
Virginia 75,452 Centreville
4%
California 51,174 Cerritos
4%
Mississippi 14,367 Corinth
4%
Texas 21,993 Corinth
4%
New York 18,635 Cortland
4%
Alabama 16,084 Cullman
4%
Massachusetts 27,631 Danvers
4%
Connecticut 21,759 Darien
4%
Illinois 21,840 Darien
4%
Massachusetts 25,377 Dedham
4%
California 53,622 Delano
4%
California 11,735 Delhi
4%
Wisconsin 25,434 De Pere
4%
California 55,785 Diamond Bar
4%
Utah 49,673 Draper
4%
Florida 36,906 Dunedin
4%
New York 11,629 Dunkirk
4%
New York 19,983 Eastchester
4%
Illinois 24,867 Edwardsville
4%
Oklahoma 10,789 Elk City
4%
Maryland 15,574 Elkton
4%
Oklahoma 20,066 El Reno
4%
Ohio 46,332 Euclid
4%
Texas 58,088 Euless
4%
Ohio 41,502 Findlay
4%
Texas 83,567 Flower Mound
4%
California 12,442 Fortuna
4%
Maryland 69,813 Glen Burnie
4%
California 52,244 Glendora
4%
Indiana 33,722 Goshen
4%
Wisconsin 13,860 Greendale
4%
Tennessee 14,888 Greeneville
4%
Indiana 11,986 Greensburg
4%
Pennsylvania 13,956 Greensburg
4%
California 58,280 Hanford
4%
Indiana 27,852 Hobart
4%
Wisconsin 10,154 Hobart
4%
Kentucky 29,886 Hopkinsville
4%
Utah 20,181 Hurricane
4%
New York 17,921 Islip
4%
Washington 40,058 Issaquah
4%
Florida 24,091 Jacksonville Beach
4%
New York 13,827 Jericho
4%
Georgia 84,946 Johns Creek
4%
Texas 48,212 Keller
4%
Michigan 51,930 Kentwood
4%
Maryland 13,637 Kettering
4%
Ohio 54,931 Kettering
4%
Florida 13,307 Key Biscayne
4%
Texas 24,959 Kingsville
4%
Alaska 17,513 Knik-Fairview
4%
New Jersey 27,346 Lacey
4%
Washington 55,386 Lacey
4%
New York 17,666 Lackawanna
4%
California 63,375 La Habra
4%
Hawaii 13,103 Lahaina
4%
Oregon 40,726 Lake Oswego
4%
Indiana 21,416 La Porte
4%
Texas 35,403 La Porte
4%
Florida 72,934 Lauderhill
4%
Kansas 56,366 Lenexa
4%
New York 51,539 Levittown
4%
Pennsylvania 51,726 Levittown
4%
Tennessee 12,796 Lewisburg
4%
California 42,232 Lompoc
4%
Illinois 10,279 Lyons
4%
Kentucky 18,581 Madisonville
4%
Utah 10,772 Mapleton
4%
Arizona 50,055 Marana
4%
Florida 59,368 Margate
4%
Wisconsin 10,578 Marinette
4%
Iowa 27,090 Marshalltown
4%
Wisconsin 18,077 Marshfield
4%
California 38,530 Martinez
4%
Georgia 36,068 Martinez
4%
Virginia 47,075 McLean
4%
Virginia 37,501 Mechanicsville
4%
Wisconsin 16,840 Menomonie
4%
Ohio 47,823 Mentor
4%
Washington 26,246 Mercer Island
4%
Massachusetts 51,422 Methuen
4%
Indiana 50,339 Mishawaka
4%
California 60,079 Monterey Park
4%
North Carolina 39,725 Mooresville
4%
Texas 20,857 Murphy
4%
Texas 33,322 Nacogdoches
4%
Massachusetts 30,735 Needham
4%
Wisconsin 26,248 Neenah
4%
Illinois 28,660 Niles
4%
Michigan 11,046 Niles
4%
Ohio 18,459 Niles
4%
Florida 46,001 North Miami Beach
4%
South Carolina 17,313 North Myrtle Beach
4%
Utah 21,366 North Salt Lake
4%
Massachusetts 29,201 Norwood
4%
Ohio 19,780 Norwood
4%
California 55,191 Novato
4%
Michigan 61,687 Novi
4%
Florida 46,771 Oakland Park
4%
Illinois 54,555 Oak Lawn
4%
California 43,991 Oakley
4%
Florida 23,712 Oak Ridge
4%
Tennessee 29,363 Oak Ridge
4%
Wisconsin 18,827 Onalaska
4%
New York 14,158 Oneonta
4%
Iowa 24,148 Ottumwa
4%
Nevada 36,174 Pahrump
4%
Florida 13,865 Palmetto
4%
Arizona 14,756 Paradise Valley
4%
California 54,039 Paramount
4%
Maryland 31,633 Parkville
4%
Mississippi 21,503 Pascagoula
4%
New Jersey 50,814 Perth Amboy
4%
New York 25,902 Plainview
4%
Texas 20,024 Plainview
4%
Wisconsin 11,479 Platteville
4%
California 34,905 Pleasant Hill
4%
Iowa 10,070 Pleasant Hill
4%
New Jersey 20,149 Pleasantville
4%
California 60,070 Porterville
4%
Florida 67,494 Port Orange
4%
Pennsylvania 22,625 Pottstown
4%
California 49,470 Poway
4%
Alabama 36,082 Prattville
4%
Virginia 18,817 Radford
4%
California 77,055 Rancho Cordova
4%
California 14,463 Red Bluff
4%
Minnesota 36,000 Richfield
4%
Wisconsin 11,939 Richfield
4%
New Jersey 24,156 Ridgewood
4%
Wisconsin 16,535 River Falls
4%
Florida 91,190 Riverview
4%
Michigan 11,984 Riverview
4%
Illinois 39,428 Romeoville
4%
Oregon 23,935 Roseburg
4%
California 54,186 Rosemead
4%
Michigan 59,751 Royal Oak
4%
New York 15,588 Rye
4%
Maine 20,352 Saco
4%
California 35,899 San Juan Capistrano
4%
Arizona 93,230 San Tan Valley
4%
Alabama 14,305 Scottsboro
4%
Indiana 20,043 Seymour
4%
Tennessee 10,873 Seymour
4%
Pennsylvania 12,851 Sharon
4%
Arkansas 31,733 Sherwood
4%
Oregon 20,019 Sherwood
4%
Louisiana 27,661 Slidell
4%
Wisconsin 20,409 South Milwaukee
4%
California 25,379 South Pasadena
4%
Nebraska 12,516 South Sioux City
4%
South Carolina 21,494 St. Andrews
4%
Missouri 12,573 St. Ann
4%
Michigan 59,195 St. Clair Shores
4%
Ohio 17,754 Steubenville
4%
Kentucky 18,281 St. Matthews
4%
Iowa 10,166 Storm Lake
4%
Wisconsin 13,014 Stoughton
4%
Illinois 11,006 Summit
4%
New Jersey 21,404 Summit
4%
Washington 10,461 Sumner
4%
Oregon 57,538 Tigard
4%
New York 57,280 Tonawanda
4%
New York 14,702 Tonawanda
4%
California 16,849 Truckee
4%
California 16,437 Ukiah
4%
Missouri 33,972 University City
4%
Iowa 45,077 Urbandale
4%
Massachusetts 26,960 Wakefield
4%
Virginia 11,782 Wakefield
4%
Maryland 74,587 Waldorf
4%
Michigan 24,908 Walker
4%
Wisconsin 48,580 Wauwatosa
4%
Massachusetts 11,769 Webster
4%
Texas 11,235 Webster
4%
West Virginia 18,059 Weirton
4%
Michigan 81,324 Westland
4%
New Jersey 10,908 Westwood
4%
Wisconsin 15,127 Whitewater
4%
Minnesota 19,721 Willmar
4%
New Jersey 39,499 Winslow
4%
Wisconsin 17,508 Wisconsin Rapids
4%
Ohio 25,862 Wooster
4%
Minnesota 13,203 Worthington
4%
Ohio 14,849 Worthington
4%
Florida 22,991 Wright
4%
Ohio 27,317 Xenia
4%
Illinois 21,211 Yorkville
4%
California 54,302 Yucaipa
4%
South Carolina 30,984 Aiken
3%
Colorado 10,221 Alamosa
3%
Michigan 20,776 Allendale
3%
California 45,146 Altadena
3%
Oregon 18,987 Altamont
3%
Virginia 43,729 Annandale
3%
California 18,353 Arcata
3%
California 100,548 Arden-Arcade
3%
California 16,714 Artesia
3%
New Mexico 11,848 Artesia
3%
Virginia 50,290 Ashburn
3%
Florida 38,364 Aventura
3%
New York 12,010 Babylon
3%
Washington 25,606 Bainbridge Island
3%
California 75,267 Baldwin Park
3%
Wisconsin 12,244 Baraboo
3%
Massachusetts 44,480 Barnstable Town
3%
Illinois 10,180 Barrington
3%
Nebraska 12,302 Beatrice
3%
Wisconsin 16,463 Beaver Dam
3%
Maryland 31,582 Bel Air North
3%
Maryland 48,269 Bel Air South
3%
Arkansas 28,999 Bella Vista
3%
Missouri 23,848 Belton
3%
Texas 23,668 Belton
3%
New Mexico 10,833 Bernalillo
3%
Maine 21,574 Biddeford
3%
Texas 27,226 Big Spring
3%
Idaho 12,096 Blackfoot
3%
Florida 23,758 Bloomingdale
3%
Illinois 21,724 Bloomingdale
3%
Florida 60,872 Bonita Springs
3%
Washington 48,541 Bothell
3%
Massachusetts 37,360 Braintree Town
3%
Utah 19,934 Brigham City
3%
Indiana 27,473 Brownsburg
3%
Arkansas 21,683 Bryant
3%
Virginia 42,722 Burke
3%
Texas 49,984 Burleson
3%
Georgia 17,282 Calhoun
3%
Washington 25,303 Camas
3%
Georgia 22,151 Cartersville
3%
Missouri 14,885 Carthage
3%
Wisconsin 11,510 Cedarburg
3%
California 49,533 Ceres
3%
Pennsylvania 21,543 Chambersburg
3%
Virginia 24,559 Chantilly
3%
New York 74,026 Cheektowaga
3%
Washington 12,977 Cheney
3%
Ohio 21,638 Chillicothe
3%
Arizona 12,997 Chino Valley
3%
California 15,436 Clearlake
3%
Florida 63,849 Coconut Creek
3%
Tennessee 52,166 Collierville
3%
Tennessee 35,629 Cookeville
3%
California 19,846 Corcoran
3%
Minnesota 38,808 Cottage Grove
3%
Oregon 10,609 Cottage Grove
3%
Arizona 12,471 Cottonwood
3%
Florida 25,586 Crestview
3%
Virginia 19,271 Culpeper
3%
Maryland 15,094 Damascus
3%
Oregon 12,024 Damascus
3%
Pennsylvania 10,638 Darby
3%
New York 27,273 Deer Park
3%
Texas 33,841 Deer Park
3%
Ohio 16,775 Defiance
3%
Wisconsin 11,905 DeForest
3%
Florida 35,690 DeLand
3%
New Mexico 13,797 Deming
3%
Texas 26,748 Denison
3%
Tennessee 15,955 Dickson
3%
Georgia 35,124 Douglasville
3%
Texas 39,118 Duncanville
3%
Maryland 62,768 Dundalk
3%
New Jersey 47,512 East Brunswick
3%
Illinois 20,586 East Moline
3%
California 29,199 East Palo Alto
3%
Pennsylvania 10,620 East Stroudsburg
3%
Maryland 26,219 Edgewood
3%
Washington 12,750 Edgewood
3%
New Jersey 43,323 Egg Harbor
3%
Wisconsin 10,208 Elkhorn
3%
Washington 22,051 Ellensburg
3%
Illinois 46,762 Elmhurst
3%
North Carolina 12,105 Elon
3%
California 16,555 El Segundo
3%
Alabama 23,547 Fairhope
3%
Maryland 17,455 Ferndale
3%
Michigan 19,975 Ferndale
3%
Washington 15,468 Ferndale
3%
Nevada 21,620 Fernley
3%
Missouri 50,750 Florissant
3%
Alabama 20,076 Foley
3%
Wisconsin 12,495 Fort Atkinson
3%
Texas 25,365 Fort Hood
3%
Colorado 11,375 Fort Morgan
3%
California 55,064 Fountain Valley
3%
Virginia 15,053 Front Royal
3%
Colorado 13,742 Fruita
3%
North Carolina 30,566 Garner
3%
New York 14,480 Glens Falls
3%
Louisiana 10,893 Gonzales
3%
South Carolina 44,227 Goose Creek
3%
Missouri 24,852 Grandview
3%
Washington 11,105 Grandview
3%
Utah 12,694 Grantsville
3%
New York 14,826 Greece
3%
Maryland 23,314 Greenbelt
3%
Arizona 21,723 Green Valley
3%
Mississippi 12,224 Grenada
3%
Indiana 15,837 Griffith
3%
Ohio 43,823 Grove City
3%
Oklahoma 10,956 Guymon
3%
Missouri 17,367 Hannibal
3%
Missouri 10,222 Harrisonville
3%
Idaho 16,012 Hayden
3%
New Jersey 20,249 Hazlet
3%
Pennsylvania 24,671 Hazleton
3%
California 19,203 Hermosa Beach
3%
Virginia 24,581 Herndon
3%
Minnesota 15,808 Hibbing
3%
Colorado 105,147 Highlands Ranch
3%
Massachusetts 11,036 Holbrook
3%
New York 26,286 Holbrook
3%
California 41,383 Hollister
3%
Wisconsin 10,433 Holmen
3%
Alabama 25,141 Homewood
3%
Illinois 18,531 Homewood
3%
New Jersey 16,896 Hopewell
3%
Virginia 22,598 Hopewell
3%
California 27,345 Imperial Beach
3%
Iowa 16,667 Indianola
3%
Kentucky 27,913 Jeffersontown
3%
Missouri 14,553 Jennings
3%
Kansas 20,056 Junction City
3%
Hawaii 33,739 Kaneohe
3%
Wisconsin 16,556 Kaukauna
3%
Oregon 40,704 Keizer
3%
Georgia 34,836 Kennesaw
3%
California 14,265 King City
3%
Missouri 27,796 Kirkwood
3%
Texas 54,624 Kyle
3%
California 20,027 La Cañada Flintridge
3%
Oregon 13,469 La Grande
3%
California 72,701 Lake Elsinore
3%
Florida 38,747 Lake Worth
3%
California 48,219 La Mirada
3%
Kentucky 11,851 Lawrenceburg
3%
Tennessee 10,986 Lawrenceburg
3%
California 27,367 Lemon Grove
3%
Michigan 36,165 Lincoln Park
3%
New Jersey 10,521 Lincoln Park
3%
Illinois 25,882 Lockport
3%
New York 20,444 Lockport
3%
California 24,470 Loma Linda
3%
California 11,401 Los Alamitos
3%
California 42,998 Los Banos
3%
New Mexico 16,255 Los Lunas
3%
Texas 35,356 Lufkin
3%
New Jersey 12,554 Lumberton
3%
North Carolina 20,454 Lumberton
3%
Texas 13,500 Lumberton
3%
Illinois 16,967 Macomb
3%
Florida 18,142 Marco Island
3%
California 23,283 Marina
3%
Massachusetts 39,815 Marlborough
3%
Maryland 17,736 Maryland City
3%
New York 21,861 Massapequa
3%
Oregon 35,411 McMinnville
3%
Tennessee 13,760 McMinnville
3%
Massachusetts 28,369 Melrose
3%
Wisconsin 17,865 Menasha
3%
Wisconsin 39,051 Menomonee Falls
3%
Texas 16,969 Mercedes
3%
Florida 13,431 Middleburg
3%
Illinois 14,208 Midlothian
3%
Texas 30,079 Midlothian
3%
Utah 62,072 Millcreek
3%
Washington 22,446 Mill Creek
3%
New Jersey 28,370 Millville
3%
Oregon 10,895 Monmouth
3%
California 62,012 Montebello
3%
Louisiana 10,164 Morgan City
3%
North Carolina 30,901 Morrisville
3%
Illinois 16,240 Morton
3%
Washington 25,991 Moses Lake
3%
North Carolina 10,288 Mount Airy
3%
Indiana 22,231 Munster
3%
Louisiana 17,707 Natchitoches
3%
New Jersey 27,912 Neptune
3%
New York 28,032 Newburgh
3%
Massachusetts 18,480 Newburyport
3%
Louisiana 28,053 New Iberia
3%
California 12,120 Newman
3%
Florida 28,663 New Smyrna Beach
3%
Kentucky 32,113 Nicholasville
3%
Pennsylvania 34,308 Norristown
3%
Massachusetts 12,660 North Adams
3%
Minnesota 14,084 North Mankato
3%
Texas 71,924 North Richland Hills
3%
Wisconsin 37,006 Oak Creek
3%
Virginia 37,185 Oakton
3%
Florida 50,394 Ocoee
3%
Wisconsin 17,195 Oconomowoc
3%
Mississippi 39,837 Olive Branch
3%
Alabama 31,455 Opelika
3%
Florida 12,156 Orange City
3%
Illinois 57,634 Orland Park
3%
Florida 44,985 Ormond Beach
3%
Florida 44,395 Oviedo
3%
Illinois 67,143 Palatine
3%
Florida 57,890 Palm Beach Gardens
3%
Texas 16,595 Pampa
3%
Nebraska 20,636 Papillion
3%
New Jersey 26,164 Paramus
3%
Arizona 15,940 Payson
3%
Utah 19,984 Payson
3%
Texas 10,526 Pecos
3%
Alabama 24,334 Pelham
3%
New Jersey 14,791 Phillipsburg
3%
Pennsylvania 16,931 Phoenixville
3%
California 11,152 Piedmont
3%
Florida 53,768 Pinellas Park
3%
Louisiana 14,332 Pineville
3%
California 51,193 Placentia
3%
California 11,458 Placerville
3%
New Jersey 22,866 Plainsboro
3%
Florida 40,030 Plant City
3%
Wisconsin 13,408 Plover
3%
Pennsylvania 26,947 Plum
3%
Florida 21,033 Punta Gorda
3%
Minnesota 27,510 Ramsey
3%
New Jersey 14,459 Ramsey
3%
California 41,596 Rancho Palos Verdes
3%
California 47,791 Rancho Santa Margarita
3%
New Jersey 25,349 Randolph
3%
New Jersey 11,032 Ridgefield
3%
Washington 10,191 Ridgefield
3%
California 16,290 Ripon
3%
North Carolina 14,103 Roanoke Rapids
3%
Texas 11,994 Robinson
3%
Texas 46,878 Rockwall
3%
Missouri 20,800 Rolla
3%
Michigan 23,612 Romulus
3%
Arkansas 28,953 Russellville
3%
Louisiana 22,151 Ruston
3%
Texas 24,331 San Benito
3%
New York 17,925 Scarsdale
3%
New York 15,113 Seaford
3%
Florida 26,757 Sebastian
3%
New Jersey 16,198 Secaucus
3%
Ohio 26,936 Shaker Heights
3%
Connecticut 40,791 Shelton
3%
Washington 10,814 Shelton
3%
Arizona 11,637 Show Low
3%
Oregon 11,323 Silverton
3%
New York 26,298 Smithtown
3%
Washington 14,282 Snoqualmie
3%
Texas 34,745 Socorro
3%
New Jersey 16,126 South Orange
3%
New Mexico 41,011 South Valley
3%
Georgia 32,253 Statesboro
3%
North Carolina 27,904 Statesville
3%
New York 12,641 Stony Brook
3%
Connecticut 16,516 Storrs
3%
Ohio 34,999 Stow
3%
Florida 16,459 Stuart
3%
Louisiana 20,198 Sulphur
3%
Washington 16,920 Sunnyside
3%
Wisconsin 34,288 Sun Prairie
3%
Florida 15,770 Sunset
3%
Nevada 20,683 Sun Valley
3%
California 16,077 Susanville
3%
Florida 67,278 Tamarac
3%
Texas 44,260 The Colony
3%
Florida 60,473 The Hammocks
3%
Louisiana 15,056 Thibodaux
3%
Utah 37,197 Tooele
3%
Connecticut 33,570 Torrington
3%
Wisconsin 11,002 Two Rivers
3%
Virginia 23,749 Tysons
3%
New York 37,483 Valley Stream
3%
Alabama 34,411 Vestavia Hills
3%
California 28,315 Vineyard
3%
Utah 14,116 Vineyard
3%
Hawaii 11,687 Waimea
3%
Hawaii 40,427 Waipahu
3%
Virginia 10,065 Warrenton
3%
California 29,032 Wasco
3%
Wisconsin 14,286 Waunakee
3%
Iowa 10,235 Waverly
3%
Michigan 24,546 Waverly
3%
Texas 39,255 Waxahachie
3%
North Carolina 10,276 Waynesville
3%
Oklahoma 11,926 Weatherford
3%
Texas 34,064 Weatherford
3%
Massachusetts 29,201 Wellesley
3%
Texas 41,573 Weslaco
3%
Maine 19,760 Westbrook
3%
Rhode Island 17,435 Westerly
3%
Louisiana 12,083 West Monroe
3%
Virginia 23,202 West Springfield
3%
Wisconsin 13,646 Whitefish Bay
3%
Nevada 43,072 Whitney
3%
Missouri 35,465 Wildwood
3%
Kansas 11,821 Winfield
3%
Florida 39,271 Winter Springs
3%
Oklahoma 11,554 Woodward
3%
Texas 53,781 Wylie
3%
Louisiana 14,983 Youngsville
3%
California 21,942 Yucca Valley
3%
Louisiana 18,278 Zachary
3%
Massachusetts 16,330 Abington
2%
California 35,564 Adelanto
2%
Michigan 20,201 Adrian
2%
Missouri 20,187 Affton
2%
California 20,286 Agoura Hills
2%
Alabama 14,375 Alexander City
2%
Ohio 21,378 Alliance
2%
Oregon 55,492 Aloha
2%
Florida 45,643 Altamonte Springs
2%
Texas 27,343 Alvin
2%
California 19,995 American Canyon
2%
Idaho 17,085 Ammon
2%
California 47,326 Antelope
2%
Arizona 22,570 Anthem
2%
Maryland 23,518 Arnold
2%
Missouri 21,045 Arnold
2%
California 30,674 Atascadero
2%
Kansas 10,468 Atchison
2%
California 29,603 Atwater
2%
Florida 11,051 Avon Park
2%
Oklahoma 36,341 Bartlesville
2%
Louisiana 10,152 Bastrop
2%
Texas 10,120 Bastrop
2%
Arkansas 10,964 Batesville
2%
Washington 22,023 Battle Ground
2%
New York 30,685 Bay Shore
2%
Mississippi 14,515 Bay St. Louis
2%
New York 14,629 Beacon
2%
Texas 12,489 Beeville
2%
California 41,961 Bell Gardens
2%
Florida 21,269 Bellview
2%
Illinois 25,108 Belvidere
2%
California 28,556 Benicia
2%
Kentucky 16,617 Berea
2%
Ohio 18,485 Berea
2%
South Carolina 14,923 Berea
2%
Illinois 53,803 Berwyn
2%
Pennsylvania 33,533 Bethel Park
2%
Minnesota 11,653 Big Lake
2%
Oklahoma 29,598 Bixby
2%
Pennsylvania 13,307 Bloomsburg
2%
Indiana 10,232 Bluffton
2%
South Carolina 27,495 Bluffton
2%
Arkansas 13,110 Blytheville
2%
Texas 20,184 Boerne
2%
Virginia 17,764 Bon Air
2%
South Dakota 10,154 Box Elder
2%
California 26,518 Brawley
2%
Minnesota 30,908 Brooklyn Center
2%
Louisiana 13,328 Broussard
2%
Wisconsin 11,723 Brown Deer
2%
Texas 18,220 Brownwood
2%
Illinois 40,387 Buffalo Grove
2%
Georgia 15,979 Buford
2%
Idaho 10,661 Burley
2%
California 30,743 Burlingame
2%
Arkansas 27,147 Cabot
2%
Wisconsin 25,314 Caledonia
2%
Illinois 35,562 Calumet City
2%
Arizona 11,271 Camp Verde
2%
Colorado 17,066 Canon City
2%
California 10,024 Capitola
2%
Illinois 39,337 Carol Stream
2%
Arizona 69,615 Casas Adobes
2%
California 63,288 Castro Valley
2%
Arizona 50,426 Catalina Foothills
2%
Maryland 41,515 Catonsville
2%
Rhode Island 19,028 Central Falls
2%
Minnesota 25,896 Chanhassen
2%
Minnesota 27,687 Chaska
2%
Indiana 14,091 Chesterton
2%
Illinois 29,003 Chicago Heights
2%
Oklahoma 16,284 Chickasha
2%
Oklahoma 12,754 Choctaw
2%
California 19,389 Chowchilla
2%
Virginia 22,973 Christiansburg
2%
Idaho 15,780 Chubbuck
2%
Mississippi 14,300 Clarksdale
2%
Utah 32,881 Clearfield
2%
North Carolina 21,169 Clemmons
2%
Florida 40,439 Clermont
2%
Iowa 16,853 Clive
2%
Minnesota 11,884 Cloquet
2%
Illinois 24,713 Collinsville
2%
Virginia 18,115 Colonial Heights
2%
New York 36,936 Commack
2%
Ohio 12,475 Conneaut
2%
Texas 42,372 Coppell
2%
Texas 32,806 Copperas Cove
2%
Iowa 23,106 Coralville
2%
Texas 23,827 Corsicana
2%
Utah 33,813 Cottonwood Heights
2%
Florida 49,684 Country Club
2%
Indiana 30,753 Crown Point
2%
Illinois 39,946 Crystal Lake
2%
California 23,616 Cudahy
2%
Wisconsin 18,148 Cudahy
2%
Florida 44,933 Cutler Bay
2%
Virginia 73,545 Dale City
2%
California 33,406 Dana Point
2%
Florida 32,769 Dania Beach
2%
California 29,387 Desert Hot Springs
2%
Illinois 49,253 Downers Grove
2%
Texas 14,384 Dumas
2%
Georgia 49,821 Dunwoody
2%
Oklahoma 18,903 Durant
2%
Indiana 15,957 Dyer
2%
Utah 42,088 Eagle Mountain
2%
Ohio 16,881 East Cleveland
2%
California 20,679 East Hemet
2%
Ohio 10,689 East Liverpool
2%
Georgia 34,575 East Point
2%
California 68,390 Eastvale
2%
Washington 14,500 East Wenatchee
2%
New Jersey 27,165 East Windsor
2%
Florida 23,363 Edgewater
2%
New Jersey 11,513 Edgewater
2%
Illinois 12,651 Effingham
2%
California 45,599 El Dorado Hills
2%
Tennessee 13,565 Elizabethton
2%
Illinois 31,874 Elk Grove Village
2%
Minnesota 25,287 Elk River
2%
Arizona 23,063 Eloy
2%
California 13,966 El Sobrante
2%
California 13,736 El Sobrante
2%
New York 11,439 Elwood
2%
California 12,002 Emeryville
2%
Washington 12,010 Enumclaw
2%
Michigan 11,969 Escanaba
2%
New Mexico 10,058 Española
2%
Florida 34,538 Estero
2%
New Jersey 32,457 Fair Lawn
2%
California 31,002 Fair Oaks
2%
Virginia 33,700 Fair Oaks
2%
Minnesota 23,953 Faribault
2%
Texas 44,149 Farmers Branch
2%
Minnesota 14,129 Fergus Falls
2%
Washington 10,369 Fife
2%
Colorado 16,748 Firestone
2%
California 64,162 Florence-Graham
2%
Oregon 24,852 Forest Grove
2%
Texas 12,989 Forest Hill
2%
Minnesota 20,750 Forest Lake
2%
Arkansas 13,632 Forrest City
2%
Iowa 10,194 Fort Madison
2%
Arizona 15,228 Fort Mohave
2%
Alabama 14,041 Fort Payne
2%
California 34,141 Foster City
2%
Florida 38,983 Four Corners
2%
Oregon 16,045 Four Corners
2%
Texas 12,465 Four Corners
2%
Illinois 10,475 Fox Lake
2%
Massachusetts 33,598 Franklin Town
2%
New York 10,395 Fredonia
2%
New Jersey 36,184 Freehold
2%
New Jersey 12,052 Freehold
2%
Minnesota 28,286 Fridley
2%
Texas 41,025 Friendswood
2%
Illinois 30,060 Galesburg
2%
Tennessee 44,107 Gallatin
2%
California 27,538 Galt
2%
Alabama 14,119 Gardendale
2%
Washington 11,290 Gig Harbor
2%
Missouri 27,539 Gladstone
2%
Oregon 12,504 Gladstone
2%
New York 27,201 Glen Cove
2%
Illinois 47,004 Glenview
2%
Minnesota 21,831 Golden Valley
2%
California 31,181 Goleta
2%
Wisconsin 11,938 Grafton
2%
Illinois 28,170 Granite City
2%
California 12,948 Grass Valley
2%
Kansas 14,610 Great Bend
2%
Florida 41,902 Greenacres
2%
Indiana 10,700 Greencastle
2%
South Carolina 35,892 Greer
2%
Louisiana 17,640 Gretna
2%
Georgia 23,094 Griffin
2%
Michigan 10,998 Grosse Pointe Park
2%
Illinois 30,250 Gurnee
2%
Oklahoma 11,783 Guthrie
2%
California 54,970 Hacienda Heights
2%
California 13,113 Half Moon Bay
2%
Florida 40,464 Hallandale Beach
2%
Texas 44,343 Haltom City
2%
Michigan 21,500 Hamtramck
2%
Oregon 25,144 Happy Valley
2%
Illinois 24,179 Harvey
2%
Louisiana 20,712 Harvey
2%
North Carolina 20,602 Havelock
2%
Maryland 13,982 Havre de Grace
2%
California 14,189 Hawaiian Gardens
2%
Ohio 11,067 Heath
2%
Utah 17,894 Heber
2%
California 25,753 Hercules
2%
Oregon 18,113 Hermiston
2%
Utah 53,187 Herriman
2%
Florida 24,109 Hialeah Gardens
2%
New York 42,649 Hicksville
2%
Texas 14,319 Hidalgo
2%
New Jersey 10,219 Hillsdale
2%
New Jersey 21,314 Hillside
2%
Georgia 32,810 Hinesville
2%
Illinois 50,465 Hoffman Estates
2%
Utah 30,585 Holladay
2%
Georgia 14,174 Holly Springs
2%
North Carolina 40,481 Holly Springs
2%
Michigan 25,536 Holt
2%
Florida 13,477 Homosassa Springs
2%
Arkansas 14,466 Hot Springs Village
2%
New Jersey 51,075 Howell
2%
Ohio 38,314 Huber Heights
2%
New York 33,259 Huntington Station
2%
Texas 38,956 Hurst
2%
Maryland 18,235 Hyattsville
2%
North Carolina 41,059 Indian Trail
2%
Alabama 12,665 Irondale
2%
New York 50,427 Irondequoit
2%
Ohio 10,445 Ironton
2%
New Jersey 53,926 Irvington
2%
California 27,690 Isla Vista
2%
Utah 33,329 Kaysville
2%
Utah 37,748 Kearns
2%
Washington 12,615 Kelso
2%
Florida 39,491 Kendall West
2%
New York 14,966 Kenmore
2%
Washington 24,113 Kenmore
2%
Iowa 10,286 Keokuk
2%
Texas 24,099 Kerrville
2%
Florida 24,632 Keystone
2%
Hawaii 21,879 Kihei
2%
Missouri 17,838 Kirksville
2%
New York 26,336 Kiryas Joel
2%
Idaho 23,290 Kuna
2%
New Hampshire 16,532 Laconia
2%
California 30,588 Laguna Hills
2%
Texas 27,951 Lake Jackson
2%
Washington 35,822 Lake Stevens
2%
Florida 37,007 Land O' Lakes
2%
Maryland 22,041 Landover
2%
Pennsylvania 16,775 Lansdale
2%
California 39,572 La Puente
2%
California 42,329 La Quinta
2%
Florida 38,956 Lauderdale Lakes
2%
California 32,018 La Verne
2%
Nebraska 17,247 La Vista
2%
Texas 68,147 Leander
2%
Kansas 34,743 Leawood
2%
Florida 119,205 Lehigh Acres
2%
California 21,329 Lennox
2%
Illinois 20,335 Libertyville
2%
North Carolina 11,249 Lincolnton
2%
California 19,314 Linda
2%
Utah 11,142 Lindon
2%
Wisconsin 11,782 Little Chute
2%
Texas 57,112 Little Elm
2%
Indiana 17,684 Logansport
2%
Illinois 44,199 Lombard
2%
New Jersey 30,719 Long Branch
2%
Massachusetts 15,830 Longmeadow
2%
Florida 15,280 Longwood
2%
California 30,405 Los Altos
2%
Illinois 23,182 Loves Park
2%
New Mexico 10,710 Lovington
2%
Washington 15,650 Lynden
2%
Utah 27,454 Magna
2%
Arkansas 11,221 Magnolia
2%
Arkansas 11,034 Malvern
2%
Virginia 18,393 Manassas Park
2%
Louisiana 12,344 Mandeville
2%
Washington 27,404 Maple Valley
2%
Massachusetts 20,488 Marblehead
2%
New York 10,083 Massena
2%
Ohio 32,420 Massillon
2%
California 27,038 Maywood
2%
Illinois 22,896 Maywood
2%
Oklahoma 17,717 McAlester
2%
California 16,218 McFarland
2%
Illinois 27,384 McHenry
2%
Pennsylvania 18,829 McKeesport
2%
California 16,612 McKinleyville
2%
Kansas 13,485 McPherson
2%
Pennsylvania 12,391 Meadville
2%
New York 17,872 Melville
2%
California 11,418 Mendota
2%
Wisconsin 24,281 Mequon
2%
Indiana 34,408 Merrillville
2%
Florida 36,797 Merritt Island
2%
New Jersey 13,478 Metuchen
2%
Florida 31,634 Miami Lakes
2%
Florida 10,512 Miami Shores
2%
Florida 14,267 Miami Springs
2%
Utah 34,856 Midvale
2%
Florida 17,704 Midway
2%
California 22,305 Millbrae
2%
California 14,151 Mill Valley
2%
California 36,830 Moorpark
2%
California 17,994 Moraga
2%
California 46,171 Morgan Hill
2%
North Carolina 16,777 Morganton
2%
California 10,577 Morro Bay
2%
Alabama 20,128 Mountain Brook
2%
New York 10,710 Mount Kisco
2%
Illinois 53,218 Mount Prospect
2%
Iowa 23,627 Muscatine
2%
Oklahoma 23,069 Mustang
2%
South Carolina 10,611 Newberry
2%
New York 34,652 New City
2%
Minnesota 21,219 New Hope
2%
Connecticut 30,323 Newington
2%
Virginia 13,080 Newington
2%
Georgia 41,628 Newnan
2%
Ohio 17,383 New Philadelphia
2%
Minnesota 13,119 New Ulm
2%
Florida 16,119 Niceville
2%
California 26,704 Norco
2%
Illinois 32,793 Northbrook
2%
Ohio 10,832 Northbrook
2%
New Jersey 40,742 North Brunswick
2%
Ohio 17,129 North Canton
2%
Florida 41,690 North Fort Myers
2%
Colorado 38,724 Northglenn
2%
Florida 45,019 North Lauderdale
2%
Iowa 19,821 North Liberty
2%
Utah 11,482 North Logan
2%
Utah 21,615 North Ogden
2%
Florida 13,267 North Palm Beach
2%
Maryland 24,148 North Potomac
2%
Minnesota 12,547 North St. Paul
2%
New York 30,050 North Tonawanda
2%
California 24,736 North Tustin
2%
New Mexico 12,242 North Valley
2%
Illinois 26,920 Oak Forest
2%
Oregon 17,183 Oak Grove
2%
South Carolina 10,993 Oak Grove
2%
Washington 24,067 Oak Harbor
2%
New York 10,323 Ogdensburg
2%
New Jersey 65,375 Old Bridge
2%
New York 13,395 Olean
2%
Maryland 35,280 Olney
2%
California 19,456 Oroville
2%
Iowa 11,490 Oskaloosa
2%
New York 24,722 Ossining
2%
Minnesota 18,581 Otsego
2%
Oklahoma 37,116 Owasso
2%
Minnesota 25,950 Owatonna
2%
California 15,534 Pacific Grove
2%
Florida 10,671 Palatka
2%
Florida 25,225 Palm City
2%
Florida 24,651 Palmetto Bay
2%
Florida 61,995 Palm Harbor
2%
California 13,250 Palos Verdes Estates
2%
Arkansas 29,332 Paragould
2%
Illinois 36,818 Park Ridge
2%
New Jersey 53,238 Parsippany
2%
Georgia 44,595 Peachtree Corners
2%
New York 24,249 Peekskill
2%
Illinois 31,867 Pekin
2%
Iowa 10,369 Pella
2%
Alabama 13,944 Pell City
2%
Ohio 21,708 Perrysburg
2%
Wisconsin 14,917 Pewaukee
2%
California 62,286 Pico Rivera
2%
Maryland 33,387 Pikesville
2%
Florida 19,821 Pinecrest
2%
New Jersey 56,044 Piscataway
2%
Utah 38,974 Pleasant Grove
2%
New Jersey 18,210 Point Pleasant
2%
Oklahoma 23,501 Ponca City
2%
Missouri 16,889 Poplar Bluff
2%
Virginia 12,390 Poquoson
2%
New Mexico 11,470 Portales
2%
New York 29,060 Port Chester
2%
Washington 14,739 Port Orchard
2%
Pennsylvania 13,353 Pottsville
2%
Ohio 14,103 Powell
2%
Louisiana 31,721 Prairieville
2%
Alabama 20,993 Prichard
2%
Oregon 10,917 Prineville
2%
Texas 26,046 Prosper
2%
Colorado 31,860 Pueblo West
2%
Kentucky 23,218 Radcliff
2%
New Jersey 27,291 Rahway
2%
California 18,672 Rancho Mirage
2%
New Jersey 12,206 Red Bank
2%
Tennessee 11,721 Red Bank
2%
Georgia 14,071 Richmond Hill
2%
California 29,136 Ridgecrest
2%
Mississippi 23,952 Ridgeland
2%
New York 14,067 Riverhead
2%
New York 12,902 Rocky Point
2%
California 44,015 Rohnert Park
2%
New York 18,302 Ronkonkoma
2%
California 16,737 Rosedale
2%
Maryland 19,336 Rosedale
2%
Minnesota 25,441 Rosemount
2%
Illinois 18,098 Round Lake
2%
Texas 67,711 Rowlett
2%
Arizona 31,514 Sahuarita
2%
California 12,411 San Anselmo
2%
California 17,658 Santa Fe Springs
2%
Alabama 15,739 Saraland
2%
Florida 15,781 Sarasota Springs
2%
Massachusetts 28,158 Saugus
2%
Minnesota 14,477 Sauk Rapids
2%
Minnesota 32,946 Savage
2%
New Jersey 42,704 Sayreville
2%
Texas 43,091 Schertz
2%
Georgia 10,698 Scottdale
2%
California 23,737 Seal Beach
2%
Arkansas 23,556 Searcy
2%
Missouri 21,922 Sedalia
2%
Texas 31,386 Seguin
2%
Maryland 50,052 Severn
2%
Maryland 38,576 Severna Park
2%
Tennessee 16,719 Sevierville
2%
Minnesota 42,042 Shakopee
2%
California 10,380 Shasta Lake
2%
Louisiana 20,192 Shenandoah
2%
Illinois 13,123 Shiloh
2%
Pennsylvania 11,206 Shiloh
2%
Minnesota 27,350 Shoreview
2%
Illinois 17,769 Shorewood
2%
Wisconsin 12,998 Shorewood
2%
California 11,453 Signal Hill
2%
Arizona 17,319 Somerton
2%
New Jersey 43,417 South Brunswick
2%
California 20,837 South El Monte
2%
Washington 58,164 South Hill
2%
Utah 17,326 South Ogden
2%
Minnesota 20,165 South St. Paul
2%
California 60,096 South Whittier
2%
Indiana 12,171 Speedway
2%
Texas 21,990 Stephenville
2%
Georgia 30,604 Stockbridge
2%
Massachusetts 22,144 Stoneham
2%
Ohio 44,831 Strongsville
2%
Nevada 27,506 Summerlin South
2%
Arizona 25,444 Sun City West
2%
New Mexico 18,681 Sunland Park
2%
Maryland 17,966 Takoma Park
2%
Florida 57,514 Tamiami
2%
Alaska 10,520 Tanaina
2%
Florida 26,121 Tarpon Springs
2%
New York 11,295 Tarrytown
2%
New Jersey 39,776 Teaneck
2%
California 35,928 Temple City
2%
Ohio 17,568 Tiffin
2%
Georgia 16,909 Tifton
2%
Illinois 55,446 Tinley Park
2%
Florida 85,620 Town and Country
2%
Missouri 11,164 Town and Country
2%
Florida 10,646 Trinity
2%
Oregon 16,179 Troutdale
2%
Connecticut 36,174 Trumbull
2%
Alabama 22,898 Trussville
2%
Oregon 27,668 Tualatin
2%
Georgia 36,534 Tucker
2%
Washington 20,440 Tukwila
2%
Washington 24,852 Tumwater
2%
New York 31,828 Uniondale
2%
Texas 21,153 Universal City
2%
Washington 34,580 University Place
2%
Ohio 35,912 Upper Arlington
2%
Washington 10,036 Vashon
2%
Georgia 10,209 Vidalia
2%
Illinois 21,475 Villa Park
2%
Indiana 16,627 Vincennes
2%
Hawaii 17,354 Wailuku
2%
Florida 14,487 Warrington
2%
Iowa 26,164 Waukee
2%
Wisconsin 11,380 Waupun
2%
New Jersey 12,417 Weehawken
2%
Missouri 45,210 Wentzville
2%
New York 15,408 Westbury
2%
Ohio 41,687 Westerville
2%
Oregon 26,944 West Linn
2%
Washington 15,726 West Richland
2%
New York 45,332 West Seneca
2%
Minnesota 19,738 West St. Paul
2%
New Jersey 27,147 West Windsor
2%
Colorado 31,210 Wheat Ridge
2%
Minnesota 26,016 White Bear Lake
2%
Ohio 19,165 Whitehall
2%
Pennsylvania 13,580 Whitehall
2%
Texas 19,170 White Settlement
2%
Illinois 27,311 Wilmette
2%
Oregon 25,356 Wilsonville
2%
Illinois 12,313 Winnetka
2%
California 23,088 Winter Gardens
2%
North Carolina 10,277 Winterville
2%
Massachusetts 40,463 Woburn
2%
Oregon 26,612 Woodburn
2%
Washington 12,871 Woodinville
2%
Illinois 33,670 Woodridge
2%
Michigan 24,745 Wyandotte
2%
Mississippi 10,607 Yazoo City
2%
Florida 16,445 Zephyrhills
2%
Louisiana 11,919 Abbeville
1%
Georgia 22,912 Acworth
1%
Massachusetts 28,860 Agawam Town
1%
Florida 10,169 Alachua
1%
Florida 88,542 Alafaya
1%
North Carolina 16,414 Albemarle
1%
Illinois 30,928 Algonquin
1%
Michigan 26,808 Allen Park
1%
Wisconsin 14,019 Allouez
1%
Illinois 18,540 Alsip
1%
Oklahoma 18,333 Altus
1%
Georgia 14,735 Americus
1%
Massachusetts 17,843 Amesbury Town
1%
Massachusetts 20,253 Amherst Center
1%
Texas 19,875 Angleton
1%
Connecticut 18,607 Ansonia
1%
Florida 19,457 Apollo Beach
1%
Maryland 20,259 Arbutus
1%
Minnesota 10,245 Arden Hills
1%
California 18,131 Arroyo Grande
1%
California 21,782 Arvin
1%
Wisconsin 17,442 Ashwaubenon
1%
Maryland 52,807 Aspen Hill
1%
Texas 79,019 Atascocita
1%
Florida 17,477 Auburndale
1%
Ohio 28,386 Austintown
1%
California 13,150 Avenal
1%
Ohio 25,401 Avon Lake
1%
Texas 14,289 Azle
1%
Texas 25,659 Balch Springs
1%
Missouri 29,970 Ballwin
1%
California 31,621 Banning
1%
Ohio 25,998 Barberton
1%
Kentucky 13,216 Bardstown
1%
New Jersey 20,726 Barnegat
1%
Florida 20,640 Bartow
1%
Louisiana 11,682 Bayou Blue
1%
New Jersey 11,045 Beachwood
1%
Ohio 11,606 Beachwood
1%
Indiana 14,891 Beech Grove
1%
Louisiana 13,490 Belle Chasse
1%
Ohio 13,220 Bellefontaine
1%
Missouri 10,346 Bellefontaine Neighbors
1%
Florida 20,782 Belle Glade
1%
Texas 10,933 Bellmead
1%
Illinois 18,477 Bellwood
1%
Maryland 17,589 Beltsville
1%
Texas 24,686 Benbrook
1%
Illinois 18,086 Bensenville
1%
New Jersey 26,652 Bergenfield
1%
New Jersey 12,754 Berkeley Heights
1%
New Jersey 26,535 Bernards
1%
New York 17,215 Bethpage
1%
Ohio 13,936 Bexley
1%
California 13,312 Big Bear City
1%
Michigan 10,365 Big Rapids
1%
Colorado 14,274 Black Forest
1%
Ohio 12,400 Blue Ash
1%
Illinois 22,670 Blue Island
1%
Utah 18,241 Bluffdale
1%
Ohio 34,557 Boardman
1%
Louisiana 11,706 Bogalusa
1%
Missouri 11,318 Bolivar
1%
Texas 10,696 Bonham
1%
Washington 21,906 Bonney Lake
1%
New Jersey 11,367 Bordentown
1%
Texas 12,409 Borger
1%
Washington 10,682 Bothell East
1%
New Jersey 10,402 Bound Brook
1%
Illinois 19,453 Bourbonnais
1%
Texas 17,442 Brenham
1%
Illinois 15,925 Bridgeview
1%
Ohio 18,299 Brook Park
1%
Delaware 13,191 Brookside
1%
Ohio 11,599 Bucyrus
1%
Virginia 15,683 Bull Run
1%
Texas 11,430 Burkburnett
1%
Illinois 10,821 Burr Ridge
1%
Mississippi 11,653 Byram
1%
Illinois 13,813 Cahokia
1%
Alabama 15,092 Calera
1%
Florida 15,112 Callaway
1%
Washington 16,427 Camano
1%
California 19,902 Cameron Park
1%
Kentucky 11,589 Campbellsville
1%
New York 10,172 Canandaigua
1%
Oregon 18,217 Canby
1%
California 11,451 Canyon Lake
1%
Texas 25,104 Canyon Lake
1%
California 64,785 Carmichael
1%
Maryland 29,743 Carney
1%
Illinois 37,368 Carpentersville
1%
California 13,339 Carpinteria
1%
North Carolina 21,864 Carrboro
1%
Florida 35,095 Carrollwood
1%
New Jersey 22,625 Carteret
1%
Virginia 11,670 Cascades
1%
Colorado 10,361 Castle Pines
1%
Virginia 25,793 Cave Spring
1%
New Jersey 12,373 Cedar Grove
1%
Utah 10,241 Cedar Hills
1%
Indiana 13,223 Cedar Lake
1%
Georgia 10,513 Cedartown
1%
Ohio 10,344 Celina
1%
Texas 16,315 Celina
1%
New York 32,028 Centereach
1%
Alabama 15,960 Center Point
1%
Arkansas 17,732 Centerton
1%
New York 31,846 Central Islip
1%
Oregon 18,951 Central Point
1%
Nebraska 11,456 Chalco
1%
Louisiana 23,602 Chalmette
1%
Georgia 31,261 Chamblee
1%
Minnesota 26,662 Champlin
1%
Illinois 13,438 Channahon
1%
Texas 41,930 Channelview
1%
New Mexico 14,793 Chaparral
1%
Colorado 12,601 Cherry Creek
1%
Illinois 13,810 Chicago Ridge
1%
Maryland 35,798 Chillum
1%
Texas 33,433 Cibolo
1%
Colorado 18,285 Cimarron Hills
1%
Ohio 14,085 Circleville
1%
Oklahoma 18,620 Claremore
1%
Texas 31,550 Cleburne
1%
New Jersey 23,510 Cliffside Park
1%
Texas 11,896 Clute
1%
California 16,850 Coalinga
1%
Pennsylvania 13,084 Coatesville
1%
Maryland 22,071 Cockeysville
1%
New York 16,517 Cohoes
1%
Michigan 12,164 Coldwater
1%
Texas 27,845 Colleyville
1%
New Jersey 13,835 Collingswood
1%
Minnesota 21,437 Columbia Heights
1%
California 96,145 Comn
1%
Texas 29,070 Converse
1%
Georgia 16,161 Conyers
1%
Florida 36,357 Cooper City
1%
New York 39,977 Coram
1%
Georgia 10,408 Cordele
1%
North Carolina 30,950 Cornelius
1%
Oregon 12,680 Cornelius
1%
Ohio 10,978 Coshocton
1%
Washington 23,955 Cottage Lake
1%
Florida 17,114 Country Walk
1%
Oklahoma 10,166 Coweta
1%
New Jersey 22,594 Cranford
1%
Indiana 16,258 Crawfordsville
1%
Illinois 10,594 Crestwood
1%
Missouri 11,806 Crestwood
1%
Missouri 18,921 Creve Coeur
1%
Maryland 28,379 Crofton
1%
Tennessee 11,726 Crossville
1%
Louisiana 12,365 Crowley
1%
Texas 16,203 Crowley
1%
Colorado 34,250 Dakota Ridge
1%
Missouri 13,412 Dardenne Prairie
1%
Florida 21,828 DeBary
1%
Oklahoma 21,461 Del City
1%
New Jersey 16,341 Denville
1%
New Jersey 30,561 Deptford
1%
Louisiana 10,414 DeRidder
1%
Mississippi 14,071 D'Iberville
1%
New York 26,819 Dix Hills
1%
New York 10,868 Dobbs Ferry
1%
Illinois 22,127 Dolton
1%
Georgia 10,496 Doraville
1%
Arizona 29,514 Drexel Heights
1%
Pennsylvania 28,188 Drexel Hill
1%
California 21,325 Duarte
1%
New Jersey 17,304 Dumont
1%
Pennsylvania 13,054 Dunmore
1%
Tennessee 16,175 Dyersburg
1%
South Carolina 21,966 Easley
1%
Minnesota 12,240 East Bethel
1%
Michigan 11,958 East Grand Rapids
1%
New York 13,563 East Islip
1%
New York 18,331 East Massapequa
1%
New York 37,358 East Meadow
1%
Washington 21,686 Eastmont
1%
New York 20,136 East Northport
1%
Illinois 22,323 East Peoria
1%
Michigan 32,147 Eastpointe
1%
Tennessee 20,872 East Ridge
1%
California 15,932 East San Gabriel
1%
California 10,391 East Whittier
1%
Texas 11,690 El Campo
1%
Maryland 31,454 Eldersburg
1%
Washington 14,065 Elk Plain
1%
Maryland 20,519 Elkridge
1%
Missouri 10,640 Ellisville
1%
Arizona 36,122 El Mirage
1%
Illinois 23,815 Elmwood Park
1%
New Jersey 19,131 Elmwood Park
1%
Pennsylvania 11,564 Emmaus
1%
New York 12,379 Endicott
1%
New York 11,641 Endwell
1%
Texas 20,391 Ennis
1%
Pennsylvania 13,910 Ephrata
1%
Kentucky 19,028 Erlanger
1%
Alabama 11,314 Eufaula
1%
Florida 21,663 Eustis
1%
Illinois 18,945 Evergreen Park
1%
Hawaii 14,717 Ewa Beach
1%
Hawaii 25,752 Ewa Gentry
1%
New Jersey 35,790 Ewing
1%
Missouri 11,706 Excelsior Springs
1%
Ohio 33,736 Fairborn
1%
Virginia 11,934 Fairfax Station
1%
Maryland 24,831 Fairland
1%
Illinois 16,280 Fairview Heights
1%
Washington 19,428 Fairwood
1%
California 33,021 Fallbrook
1%
California 10,805 Farmersville
1%
Tennessee 23,856 Farragut
1%
Texas 16,396 Fate
1%
Colorado 13,047 Federal Heights
1%
Michigan 11,283 Fenton
1%
Florida 13,106 Fernandina Beach
1%
Florida 34,416 Ferry Pass
1%
Missouri 12,114 Festus
1%
Florida 28,531 Fleming Island
1%
New York 15,935 Floral Park
1%
Arizona 15,290 Flowing Wells
1%
Florida 14,357 Forest City
1%
Georgia 20,441 Forest Park
1%
Illinois 13,541 Forest Park
1%
Ohio 18,676 Forest Park
1%
Maryland 11,719 Forestville
1%
Ohio 10,866 Forestville
1%
Texas 26,511 Forney
1%
Texas 10,602 Fort Bliss
1%
Colorado 15,410 Fort Carson
1%
New York 13,109 Fort Drum
1%
Missouri 15,882 Fort Leonard Wood
1%
Washington 12,933 Fort Lewis
1%
Maryland 10,297 Fort Meade
1%
South Carolina 24,622 Fort Mill
1%
Kentucky 16,362 Fort Thomas
1%
Arizona 29,485 Fortuna Foothills
1%
Maryland 24,183 Fort Washington
1%
Florida 59,833 Fountainebleau
1%
Arizona 25,377 Fountain Hills
1%
Wisconsin 19,109 Fox Crossing
1%
Virginia 19,725 Franconia
1%
Virginia 18,727 Franklin Farm
1%
New Jersey 10,590 Franklin Lakes
1%
Illinois 17,458 Franklin Park
1%
Pennsylvania 14,923 Franklin Park
1%
New York 32,329 Franklin Square
1%
Michigan 14,552 Fraser
1%
Washington 22,935 Frederickson
1%
Florida 32,994 Fruit Cove
1%
North Carolina 33,080 Fuquay-Varina
1%
South Carolina 12,303 Gaffney
1%
Ohio 35,983 Gahanna
1%
New Jersey 37,349 Galloway
1%
Nevada 11,274 Gardnerville Ranchos
1%
Ohio 27,325 Garfield Heights
1%
Texas 12,177 Gatesville
1%
Florida 10,513 Gateway
1%
Mississippi 18,574 Gautier
1%
New Jersey 18,533 Glassboro
1%
Virginia 16,454 Glen Allen
1%
Illinois 33,626 Glendale Heights
1%
Illinois 27,746 Glen Ellyn
1%
Maryland 16,389 Glenmont
1%
Maryland 14,191 Glenn Dale
1%
Oklahoma 14,267 Glenpool
1%
New Jersey 11,601 Glen Rock
1%
New York 14,836 Gloversville
1%
Arizona 11,038 Gold Canyon
1%
Florida 30,104 Golden Gate
1%
Florida 34,836 Golden Glades
1%
Florida 13,962 Gonzalez
1%
Florida 11,453 Goulds
1%
Missouri 14,817 Grain Valley
1%
Texas 11,150 Granbury
1%
Michigan 10,974 Grand Haven
1%
California 12,780 Grand Terrace
1%
Michigan 15,886 Grandville
1%
Indiana 30,815 Granger
1%
Illinois 20,835 Grayslake
1%
New York 10,245 Great Neck
1%
Massachusetts 17,412 Greenfield Town
1%
New York 13,978 Greenlawn
1%
Colorado 15,749 Greenwood Village
1%
Iowa 15,202 Grimes
1%
Michigan 15,266 Grosse Pointe Woods
1%
Florida 16,789 Groveland
1%
California 13,550 Grover Beach
1%
Texas 15,612 Groves
1%
New Jersey 11,176 Guttenberg
1%
New Jersey 14,488 Haddon
1%
New Jersey 11,593 Haddonfield
1%
Florida 26,725 Haines City
1%
Minnesota 17,084 Ham Lake
1%
New Jersey 14,756 Hammonton
1%
New York 14,280 Hampton Bays
1%
Illinois 37,247 Hanover Park
1%
Texas 33,731 Harker Heights
1%
Alabama 14,419 Hartselle
1%
Tennessee 12,812 Hartsville
1%
New York 12,052 Haverstraw
1%
Hawaii 11,479 Hawaiian Paradise Park
1%
Oregon 22,272 Hayesville
1%
Kansas 11,294 Haysville
1%
Washington 21,066 Hazel Dell
1%
Missouri 24,974 Hazelwood
1%
California 12,086 Healdsburg
1%
Texas 10,341 Helotes
1%
Pennsylvania 15,267 Hermitage
1%
Mississippi 16,811 Hernando
1%
Illinois 12,710 Herrin
1%
Ohio 38,240 Hilliard
1%
Illinois 17,632 Hinsdale
1%
Florida 13,953 Hobe Sound
1%
Delaware 13,472 Hockessin
1%
Florida 21,481 Holiday
1%
Florida 12,572 Holly Hill
1%
New Jersey 16,696 Holmdel
1%
Illinois 24,796 Homer Glen
1%
North Carolina 16,082 Hope Mills
1%
Texas 20,073 Horizon City
1%
Mississippi 27,479 Horn Lake
1%
Alabama 15,148 Hueytown
1%
Minnesota 15,536 Hugo
1%
Texas 16,753 Humble
1%
Illinois 28,362 Huntley
1%
Texas 29,116 Hutto
1%
Maryland 26,647 Ilchester
1%
Florida 26,773 Immokalee
1%
Michigan 24,161 Inkster
1%
Minnesota 36,025 Inver Grove Heights
1%
Florida 14,385 Iona
1%
Michigan 10,944 Ionia
1%
South Carolina 12,673 Irmo
1%
Illinois 11,201 Itasca
1%
Utah 10,273 Ivins
1%
Oklahoma 24,442 Jenks
1%
Florida 13,477 Jensen Beach
1%
Illinois 12,502 Justice
1%
Hawaii 10,544 Kapaa
1%
Hawaii 21,474 Kapolei
1%
Colorado 33,804 Ken Caryl
1%
Florida 58,395 Kendale Lakes
1%
California 15,693 Kerman
1%
North Carolina 25,281 Kernersville
1%
Texas 14,820 Kilgore
1%
California 12,411 Kingsburg
1%
Georgia 18,259 Kingsland
1%
North Carolina 11,079 Kings Mountain
1%
New York 16,707 Kings Park
1%
North Carolina 19,643 Kinston
1%
North Carolina 19,583 Knightdale
1%
California 30,288 Ladera Ranch
1%
Florida 15,954 Lady Lake
1%
California 15,816 Laguna Woods
1%
Florida 18,917 Lake Butler
1%
Washington 13,819 Lake Forest Park
1%
Illinois 28,879 Lake in the Hills
1%
Florida 17,691 Lake Mary
1%
Virginia 44,430 Lake Ridge
1%
Maryland 20,260 Lake Shore
1%
Missouri 16,636 Lake St. Louis
1%
Florida 17,281 Lake Wales
1%
Illinois 19,828 Lake Zurich
1%
Texas 17,498 La Marque
1%
California 15,222 Lamont
1%
Pennsylvania 10,579 Lansdowne
1%
Virginia 12,696 Lansdowne
1%
Florida 13,019 Lantana
1%
California 15,376 La Palma
1%
Louisiana 29,147 Laplace
1%
California 37,437 La Presa
1%
California 12,226 Larkspur
1%
California 24,616 Lathrop
1%
North Carolina 14,821 Laurinburg
1%
Tennessee 36,695 La Vergne
1%
California 32,446 Lawndale
1%
Florida 26,080 Leisure City
1%
North Carolina 24,170 Leland
1%
California 14,096 Lemon Hill
1%
Illinois 17,327 Lemont
1%
California 27,632 Lemoore
1%
North Carolina 17,972 Lenoir
1%
Texas 13,397 Levelland
1%
Maryland 11,848 Lexington Park
1%
Washington 12,138 Liberty Lake
1%
Florida 11,487 Lighthouse Point
1%
Illinois 12,139 Lincolnwood
1%
Illinois 14,168 Lindenhurst
1%
New York 26,782 Lindenhurst
1%
New Jersey 17,479 Lindenwold
1%
California 13,546 Lindsay
1%
Minnesota 22,371 Lino Lakes
1%
Maryland 10,895 Linthicum
1%
Illinois 23,252 Lisle
1%
Minnesota 10,591 Little Canada
1%
New Jersey 13,982 Little Falls
1%
California 17,390 Live Oak
1%
Texas 16,104 Live Oak
1%
Florida 14,775 Lockhart
1%
Texas 14,726 Lockhart
1%
Georgia 13,324 Loganville
1%
California 20,417 Lomita
1%
Colorado 15,705 Lone Tree
1%
Virginia 20,691 Lorton
1%
California 16,292 Los Osos
1%
Florida 21,456 Lutz
1%
New York 19,463 Lynbrook
1%
New Jersey 20,334 Lyndhurst
1%
Ohio 13,320 Lyndhurst
1%
Kentucky 11,559 Lyndon
1%
Massachusetts 12,847 Lynnfield
1%
Georgia 40,464 Mableton
1%
Ohio 12,037 Macedonia
1%
Illinois 22,433 Machesney Park
1%
Michigan 29,907 Madison Heights
1%
Virginia 11,483 Madison Heights
1%
New Jersey 25,850 Mahwah
1%
Florida 18,221 Maitland
1%
New York 19,034 Mamaroneck
1%
New Jersey 38,872 Manalapan
1%
Texas 13,389 Manor
1%
New Jersey 15,147 Mantua
1%
New Jersey 10,344 Manville
1%
Ohio 21,982 Maple Heights
1%
Illinois 12,222 Markham
1%
Louisiana 32,088 Marrero
1%
Washington 19,954 Martha Lake
1%
Missouri 26,768 Maryland Heights
1%
Illinois 19,760 Matteson
1%
Illinois 17,427 Mattoon
1%
Ohio 13,584 Maumee
1%
Arkansas 18,125 Maumelle
1%
Ohio 18,392 Mayfield Heights
1%
Massachusetts 10,600 Maynard
1%
Mississippi 13,411 McComb
1%
Georgia 27,508 McDonough
1%
Virginia 19,532 Meadowbrook
1%
North Carolina 17,499 Mebane
1%
Missouri 28,376 Mehlville
1%
Texas 11,461 Melissa
1%
Illinois 24,449 Melrose Park
1%
Minnesota 11,492 Mendota Heights
1%
Kansas 11,098 Merriam
1%
New York 19,966 Merrick
1%
Virginia 17,789 Merrifield
1%
Ohio 19,917 Miamisburg
1%
Maryland 25,346 Middle River
1%
Maryland 29,974 Milford Mill
1%
Hawaii 27,926 Mililani Town
1%
Alabama 15,693 Millbrook
1%
New Jersey 20,065 Millburn
1%
Georgia 18,152 Milledgeville
1%
Tennessee 10,659 Millington
1%
Louisiana 11,688 Minden
1%
New York 19,274 Mineola
1%
Texas 15,447 Mineral Wells
1%
Washington 12,092 Minnehaha
1%
Florida 13,346 Minneola
1%
Illinois 11,522 Minooka
1%
North Carolina 28,177 Mint Hill
1%
Texas 39,291 Mission Bend
1%
Missouri 13,600 Moberly
1%
Illinois 20,679 Mokena
1%
New York 22,073 Monsey
1%
Maryland 33,798 Montgomery Village
1%
New Jersey 21,457 Montville
1%
Alabama 13,479 Moody
1%
New Jersey 20,554 Moorestown
1%
Illinois 22,539 Morton Grove
1%
Mississippi 13,288 Moss Point
1%
Georgia 14,160 Moultrie
1%
Minnesota 13,242 Mounds View
1%
California 15,645 Mountain House
1%
Florida 14,722 Mount Dora
1%
North Carolina 16,843 Mount Holly
1%
Tennessee 38,833 Mount Juliet
1%
Washington 21,896 Mountlake Terrace
1%
New Jersey 41,864 Mount Laurel
1%
New York 11,529 Mount Sinai
1%
Washington 21,839 Mukilteo
1%
Illinois 31,062 Mundelein
1%
Pennsylvania 10,909 Munhall
1%
North Carolina 15,831 Murraysville
1%
Pennsylvania 19,432 Murrysville
1%
Michigan 10,709 Muskegon Heights
1%
Florida 16,886 Myrtle Grove
1%
North Carolina 10,563 Myrtle Grove
1%
Pennsylvania 10,452 Nanticoke
1%
New York 17,775 Nanuet
1%
Florida 10,702 Naranja
1%
Connecticut 31,156 Naugatuck
1%
Florida 35,540 Navarre
1%
Texas 17,666 Nederland
1%
Missouri 12,117 Neosho
1%
Michigan 12,449 New Baltimore
1%
Minnesota 23,155 New Brighton
1%
Maryland 12,976 New Carrollton
1%
Pennsylvania 12,131 New Kensington
1%
Arizona 13,471 New Kingman-Butler
1%
Illinois 27,550 New Lenox
1%
New Jersey 16,264 New Milford
1%
Rhode Island 11,561 Newport East
1%
Florida 17,022 New Port Richey
1%
New Jersey 12,171 New Providence
1%
Arizona 15,808 New River
1%
Missouri 22,316 Nixa
1%
Florida 13,266 Nocatee
1%
Georgia 16,779 Norcross
1%
Illinois 14,043 Norridge
1%
New Jersey 15,311 North Arlington
1%
South Carolina 24,366 North Augusta
1%
Illinois 19,634 North Aurora
1%
New Jersey 60,773 North Bergen
1%
Minnesota 10,886 North Branch
1%
Georgia 17,298 North Decatur
1%
Maryland 24,621 North Laurel
1%
Washington 21,608 North Lynnwood
1%
New York 18,609 North Massapequa
1%
Ohio 31,231 North Olmsted
1%
New Jersey 21,677 North Plainfield
1%
Ohio 34,629 North Ridgeville
1%
Ohio 30,143 North Royalton
1%
Michigan 24,910 Norton Shores
1%
New Jersey 28,117 Nutley
1%
Oregon 11,962 Oak Hills
1%
Hawaii 14,037 Ocean Pointe
1%
Mississippi 18,099 Ocean Springs
1%
Maryland 41,846 Odenton
1%
California 34,723 Oildale
1%
Michigan 23,912 Okemos
1%
Oklahoma 11,587 Okmulgee
1%
Missouri 19,439 Old Jamestown
1%
Florida 15,201 Oldsmar
1%
Florida 16,304 Opa-locka
1%
Louisiana 15,876 Opelousas
1%
California 34,757 Orangevale
1%
Washington 23,020 Orchards
1%
California 30,493 Orcutt
1%
California 20,152 Orinda
1%
Maryland 34,477 Owings Mills
1%
Michigan 14,380 Owosso
1%
Florida 23,749 Pace
1%
Ohio 19,959 Painesville
1%
New Jersey 19,403 Palisades Park
1%
Florida 21,562 Palm Valley
1%
Illinois 12,418 Palos Heights
1%
Illinois 16,917 Palos Hills
1%
Illinois 21,043 Park Forest
1%
Ohio 19,705 Parma Heights
1%
New York 12,316 Patchogue
1%
New York 16,495 Pearl River
1%
Texas 10,590 Pearsall
1%
New Jersey 27,644 Pemberton
1%
New Jersey 35,885 Pennsauken
1%
Maryland 28,129 Perry Hall
1%
Mississippi 10,884 Picayune
1%
Ohio 21,861 Pickerington
1%
Alabama 10,761 Pike Road
1%
New Jersey 10,233 Pine Hill
1%
Florida 75,575 Pine Hills
1%
North Carolina 16,956 Pinehurst
1%
Florida 10,279 Pine Ridge
1%
Florida 17,027 Pinewood
1%
California 19,302 Pinole
1%
Ohio 21,458 Piqua
1%
Wisconsin 20,955 Pleasant Prairie
1%
Utah 11,736 Pleasant View
1%
Florida 67,169 Poinciana
1%
New Jersey 11,097 Pompton Lakes
1%
Georgia 24,838 Pooler
1%
California 22,133 Port Hueneme
1%
Texas 11,782 Port Lavaca
1%
Texas 12,863 Port Neches
1%
South Carolina 13,243 Port Royal
1%
Florida 11,317 Port Salerno
1%
Florida 11,729 Port St. John
1%
Washington 11,665 Poulsbo
1%
Georgia 15,438 Powder Springs
1%
Kansas 23,467 Prairie Village
1%
Minnesota 27,958 Prior Lake
1%
Illinois 15,734 Prospect Heights
1%
California 19,584 Prunedale
1%
Virginia 10,561 Purcellville
1%
California 10,164 Quartz Hill
1%
Louisiana 10,686 Raceland
1%
California 20,260 Ramona
1%
California 21,289 Rancho San Diego
1%
Maryland 34,897 Randallstown
1%
Illinois 12,445 Rantoul
1%
New Jersey 21,936 Raritan
1%
Ohio 11,390 Ravenna
1%
Texas 10,622 Raymondville
1%
Missouri 22,668 Raymore
1%
Missouri 28,851 Raytown
1%
Texas 13,701 Red Oak
1%
California 25,625 Reedley
1%
North Carolina 14,037 Reidsville
1%
Maryland 26,933 Reisterstown
1%
Missouri 16,984 Republic
1%
Ohio 38,940 Reynoldsburg
1%
Florida 11,410 Richmond Heights
1%
Ohio 10,306 Richmond Heights
1%
Florida 37,965 Richmond West
1%
New Jersey 12,228 Ringwood
1%
Texas 14,587 Rio Grande City
1%
Arizona 19,601 Rio Rico
1%
California 25,432 Riverbank
1%
Illinois 10,855 River Forest
1%
Louisiana 13,241 River Ridge
1%
Florida 35,292 Riviera Beach
1%
Maryland 12,577 Riviera Beach
1%
Minnesota 14,486 Robbinsdale
1%
New Jersey 13,635 Robbinsville
1%
Texas 11,107 Robstown
1%
New Jersey 24,136 Rockaway
1%
Florida 28,755 Rockledge
1%
New York 24,726 Rockville Centre
1%
Ohio 19,897 Rocky River
1%
California 10,411 Rodeo
1%
Illinois 23,488 Rolling Meadows
1%
California 20,028 Rosamond
1%
Illinois 10,454 Roscoe
1%
Virginia 22,011 Rose Hill
1%
Illinois 22,516 Roselle
1%
New Jersey 20,936 Roselle
1%
New Jersey 13,183 Roselle Park
1%
Texas 39,373 Rosenberg
1%
Maryland 15,392 Rossville
1%
Illinois 27,021 Round Lake Beach
1%
California 50,602 Rowland Heights
1%
New Jersey 23,033 Roxbury
1%
Florida 40,698 Royal Palm Beach
1%
Texas 14,068 Royse City
1%
Florida 23,477 Ruskin
1%
Texas 27,558 Sachse
1%
New Jersey 13,642 Saddle Brook
1%
Arizona 10,530 Saddlebrooke
1%
Florida 18,337 Safety Harbor
1%
Alabama 10,763 Saks
1%
California 14,658 Salida
1%
Washington 21,299 Salmon Creek
1%
Oklahoma 19,765 Sand Springs
1%
California 25,559 Sanger
1%
California 25,388 San Lorenzo
1%
Utah 13,436 Santaquin
1%
Oklahoma 21,156 Sapulpa
1%
Minnesota 19,322 Sartell
1%
Florida 11,750 Satellite Beach
1%
New York 16,007 Sayville
1%
Indiana 28,315 Schererville
1%
Hawaii 19,796 Schofield Barracks
1%
New Jersey 23,385 Scotch Plains
1%
California 11,804 Scotts Valley
1%
Maryland 18,345 Seabrook
1%
Texas 14,217 Seabrook
1%
Texas 17,612 Seagoville
1%
Colorado 38,134 Security-Widefield
1%
Washington 12,794 Sedro-Woolley
1%
California 21,032 Shafter
1%
Kentucky 12,705 Shepherdsville
1%
New York 28,698 Shirley
1%
Virginia 27,526 Short Pump
1%
California 10,815 Sierra Madre
1%
Arizona 16,021 Sierra Vista Southeast
1%
Missouri 15,926 Sikeston
1%
Arkansas 17,701 Siloam Springs
1%
Washington 21,071 Silverdale
1%
South Carolina 24,593 Simpsonville
1%
Georgia 20,012 Snellville
1%
Texas 10,577 Snyder
1%
Tennessee 14,339 Soddy-Daisy
1%
California 13,333 Solana Beach
1%
California 27,111 Soledad
1%
Ohio 22,699 Solon
1%
New Jersey 10,795 Somers Point
1%
New Hampshire 12,174 Somersworth
1%
Florida 13,342 South Daytona
1%
Illinois 23,649 South Elgin
1%
North Carolina 15,029 Southern Pines
1%
Ohio 21,203 South Euclid
1%
Illinois 21,111 South Holland
1%
Texas 17,485 South Houston
1%
Maryland 28,048 South Laurel
1%
Michigan 11,889 South Lyon
1%
Florida 37,861 South Miami Heights
1%
New Jersey 23,324 South Plainfield
1%
Virginia 31,071 South Riding
1%
Florida 14,419 South Venice
1%
Massachusetts 11,624 South Yarmouth
1%
Washington 32,150 Spanaway
1%
Nevada 16,241 Spanish Springs
1%
Ohio 19,220 Springboro
1%
Nevada 13,805 Spring Creek
1%
North Carolina 11,243 Spring Lake
1%
Georgia 55,036 Stonecrest
1%
Illinois 38,892 Streamwood
1%
Illinois 13,026 Streator
1%
Ohio 16,583 Streetsboro
1%
Georgia 14,302 St. Simons
1%
Wisconsin 13,544 Suamico
1%
New York 11,041 Suffern
1%
Illinois 10,295 Sugar Grove
1%
Georgia 25,860 Sugar Hill
1%
California 29,927 Suisun City
1%
Maryland 24,444 Suitland
1%
Texas 16,318 Sulphur Springs
1%
Maryland 13,781 Summerfield
1%
North Carolina 11,482 Summerfield
1%
Florida 23,480 Sun City Center
1%
Arizona 14,582 Sun Lakes
1%
Florida 22,463 Sunny Isles Beach
1%
Georgia 20,833 Suwanee
1%
Massachusetts 14,755 Swampscott
1%
Oregon 10,234 Sweet Home
1%
Illinois 18,307 Sycamore
1%
Alabama 11,934 Sylacauga
1%
Ohio 19,138 Sylvania
1%
New York 19,559 Syosset
1%
Oklahoma 16,966 Tahlequah
1%
Arizona 15,860 Tanque Verde
1%
North Carolina 10,896 Tarboro
1%
Florida 18,944 Tavares
1%
Illinois 10,331 Taylorville
1%
California 12,616 Tehachapi
1%
Florida 26,583 Temple Terrace
1%
New Jersey 14,473 Tenafly
1%
Texas 19,148 Terrell
1%
Florida 23,558 The Crossings
1%
Colorado 11,754 The Pinery
1%
Florida 16,043 Three Lakes
1%
Alabama 17,814 Tillmans Corner
1%
Texas 25,976 Timberwood Park
1%
Maryland 10,140 Timonium
1%
Texas 11,743 Tomball
1%
New Jersey 10,804 Totowa
1%
Virginia 48,282 Tuckahoe
1%
Arizona 11,758 Tucson Estates
1%
Tennessee 19,664 Tullahoma
1%
Ohio 19,278 Twinsburg
1%
Florida 13,254 Union Park
1%
Ohio 12,660 University Heights
1%
Minnesota 13,890 Vadnais Heights
1%
Arizona 11,919 Valencia West
1%
Rhode Island 11,828 Valley Falls
1%
Florida 38,169 Valrico
1%
Ohio 15,009 Vandalia
1%
Ohio 10,740 Van Wert
1%
New Jersey 10,650 Ventnor City
1%
Arizona 12,473 Verde Village
1%
Ohio 10,567 Vermilion
1%
Illinois 26,455 Vernon Hills
1%
Florida 24,082 Vero Beach South
1%
Texas 10,492 Vidor
1%
Georgia 15,933 Villa Rica
1%
Florida 12,036 Villas
1%
California 17,008 Vincent
1%
Georgia 13,086 Vinings
1%
New Jersey 29,131 Voorhees
1%
Minnesota 12,905 Waconia
1%
Ohio 24,495 Wadsworth
1%
Hawaii 17,422 Wahiawa
1%
Hawaii 14,054 Waianae
1%
New Jersey 11,358 Wantage
1%
New York 18,078 Wantagh
1%
Oklahoma 10,139 Warr Acres
1%
Missouri 20,546 Warrensburg
1%
Illinois 13,268 Warrenville
1%
Ohio 14,171 Washington Court House
1%
Washington 16,517 Washougal
1%
Texas 24,511 Watauga
1%
Massachusetts 37,146 Watertown Town
1%
Illinois 13,480 Wauconda
1%
North Carolina 18,123 Waxhaw
1%
Georgia 13,358 Waycross
1%
Missouri 12,115 Webb City
1%
Missouri 22,715 Webster Groves
1%
Florida 55,046 Wesley Chapel
1%
New York 42,918 West Babylon
1%
New Jersey 10,759 West Caldwell
1%
Ohio 12,882 West Carrollton
1%
California 22,537 West Carson
1%
Florida 23,636 Westchase
1%
South Carolina 18,019 West Columbia
1%
Illinois 13,400 Western Springs
1%
Virginia 29,154 West Falls Church
1%
Florida 10,026 Westgate
1%
New York 20,116 West Hempstead
1%
New York 27,149 West Islip
1%
Florida 33,396 West Little River
1%
Florida 24,938 West Melbourne
1%
Pennsylvania 19,425 West Mifflin
1%
New Jersey 25,734 West Milford
1%
California 33,723 Westmont
1%
Illinois 24,475 Westmont
1%
Texas 26,278 West Odessa
1%
Florida 15,285 West Park
1%
Missouri 12,279 West Plains
1%
Florida 11,068 Westview
1%
Connecticut 26,267 Wethersfield
1%
Washington 15,852 White Center
1%
Tennessee 13,064 White House
1%
Maryland 19,010 White Oak
1%
Ohio 19,900 White Oak
1%
California 38,866 Wildomar
1%
Pennsylvania 15,256 Wilkinsburg
1%
Connecticut 17,184 Willimantic
1%
New Jersey 31,629 Willingboro
1%
Ohio 23,050 Willoughby
1%
California 22,402 Willowbrook
1%
Florida 12,987 Wilton Manors
1%
Georgia 18,189 Winder
1%
Connecticut 12,613 Windsor Locks
1%
Virginia 16,911 Wolf Trap
1%
Illinois 13,599 Wood Dale
1%
New Jersey 11,819 Woodland Park
1%
Maryland 38,951 Woodlawn
1%
Virginia 23,406 Woodlawn
1%
Louisiana 10,458 Woodmere
1%
New York 17,467 Woodmere
1%
Utah 11,360 Woods Cross
1%
New Jersey 16,635 Wyckoff
1%
Pennsylvania 10,545 Wyomissing
1%
Florida 12,616 Yulee
1%
Maryland 11,895 Accokeek
0%
Maryland 15,751 Adelphi
0%
Tennessee 11,377 Alcoa
0%
Texas 15,822 Aldine
0%
Pennsylvania 22,855 Allison Park
0%
California 11,791 Alum Rock
0%
Maryland 11,590 Annapolis Neck
0%
North Carolina 11,470 Archdale
0%
Washington 13,172 Artondale
0%
California 15,903 Avocado Heights
0%
Florida 14,817 Azalea Park
0%
Texas 10,649 Bacliff
0%
Virginia 24,570 Bailey's Crossroads
0%
Maryland 19,889 Ballenger Creek
0%
Florida 26,740 Bayonet Point
0%
Louisiana 20,829 Bayou Cane
0%
California 25,165 Bay Point
0%
Florida 20,293 Bayshore Gardens
0%
Ohio 15,225 Bay Village
0%
Illinois 13,847 Beach Park
0%
Ohio 10,426 Bedford Heights
0%
Florida 10,012 Bee Ridge
0%
Florida 15,117 Bellair-Meadowbrook Terrace
0%
New Jersey 11,583 Bellmawr
0%
New York 15,730 Bellmore
0%
Georgia 15,543 Belvedere Park
0%
Maryland 13,247 Bensville
0%
California 17,530 Bostonia
0%
Washington 20,307 Bothell West
0%
Virginia 20,081 Brambleton
0%
New Jersey 14,432 Branchburg
0%
Virginia 14,421 Brandermill
0%
Georgia 12,970 Braselton
0%
Ohio 13,948 Brecksville
0%
Virginia 13,704 Broadlands
0%
Ohio 19,142 Broadview Heights
0%
Maryland 11,664 Brock Hall
0%
Pennsylvania 11,154 Broomall
0%
Texas 20,024 Brushy Creek
0%
Washington 18,347 Bryn Mawr-Skyway
0%
Virginia 17,238 Buckhall
0%
Florida 34,085 Buenaventura Lakes
0%
Virginia 18,236 Burke Centre
0%
Maryland 10,604 Burtonsville
0%
Maryland 18,076 Calverton
0%
Illinois 11,142 Camn Hills
0%
California 11,459 Camp Pendleton South
0%
Maryland 21,602 Camp Springs
0%
Georgia 24,022 Candler-McAfee
0%
Pennsylvania 11,982 Carnot-Moon
0%
California 19,635 Casa de Oro-Mount Helix
0%
Florida 31,344 Casselberry
0%
California 18,921 Castaic
0%
South Carolina 14,191 Cayce
0%
Oregon 17,897 Cedar Mill
0%
California 16,387 Cherryland
0%
Florida 10,603 Cheval
0%
Texas 16,977 Cinco Ranch
0%
New Jersey 15,540 Cinnaminson
0%
Florida 26,473 Citrus Park
0%
Louisiana 11,435 Claiborne
0%
Michigan 11,860 Clawson
0%
Texas 24,953 Cloverleaf
0%
Maryland 15,062 Cloverly
0%
Maryland 13,894 Colesville
0%
Tennessee 11,658 Collegedale
0%
Pennsylvania 12,886 Colonial Park
0%
New Jersey 10,142 Colts Neck
0%
Michigan 10,374 Comstock Park
0%
Indiana 12,636 Connersville
0%
New York 23,716 Copiague
0%
Florida 25,234 Coral Terrace
0%
California 14,931 Coto de Caza
0%
Illinois 16,215 Country Club Hills
0%
Virginia 10,042 Countryside
0%
Illinois 20,456 Crest Hill
0%
Georgia 11,078 Cusseta
0%
Michigan 16,623 Cutlerville
0%
Florida 10,358 Cypress Gardens
0%
Florida 13,120 Cypress Lake
0%
California 10,065 Del Aire
0%
New Jersey 16,820 Delran
0%
South Carolina 14,887 Dentsville
0%
New York 14,952 Depew
0%
Louisiana 10,933 Destrehan
0%
California 11,989 Diamond Springs
0%
California 24,380 Dinuba
0%
California 15,981 Discovery Bay
0%
Florida 11,347 Doctor Phillips
0%
Virginia 11,802 Dranesville
0%
Massachusetts 15,937 Easthampton Town
0%
New Jersey 11,157 East Hanover
0%
Virginia 15,592 East Highland Park
0%
Florida 28,602 East Lake-Orient Park
0%
Florida 13,054 East Milton
0%
New York 22,637 East Patchogue
0%
California 16,734 East Rancho Dominguez
0%
Washington 11,745 East Renton Highlands
0%
Maryland 15,467 East Riverdale
0%
New Jersey 12,559 Eatontown
0%
New York 15,546 Eggertsville
0%
Florida 37,039 EgyLake-Leto
0%
Florida 12,637 Elfers
0%
California 32,360 El Paso de Robles
0%
Florida 22,844 Ensley
0%
Louisiana 17,099 Estelle
0%
New Jersey 45,538 Evesham
0%
Georgia 18,344 Fairburn
0%
Texas 10,680 Fair Oaks Ranch
0%
Ohio 16,090 Fairview Park
0%
Florida 11,254 Fairview Shores
0%
New York 15,495 Farmingville
0%
Ohio 12,689 Finneytown
0%
Florida 20,054 Fish Hawk
0%
Washington 18,559 Five Corners
0%
South Carolina 18,004 Five Forks
0%
Michigan 10,103 Flat Rock
0%
New Jersey 11,696 Florham Park
0%
Florida 21,371 Florida Ridge
0%
California 33,749 Foothill Farms
0%
South Carolina 10,231 Forest Acres
0%
Michigan 27,947 Forest Hills
0%
Kentucky 13,882 Fort Campbell North
0%
Virginia 16,858 Fort Hunt
0%
Georgia 10,159 Fort Oglethorpe
0%
Ohio 13,159 Fostoria
0%
South Carolina 10,427 Fountain Inn
0%
California 33,818 French Valley
0%
Florida 14,602 Fruitland Park
0%
Florida 13,780 Fruitville
0%
Florida 10,327 Fuller Heights
0%
Texas 16,242 Fulshear
0%
Texas 10,773 Galena Park
0%
South Carolina 15,178 Gantt
0%
California 10,701 Garden Acres
0%
Louisiana 10,841 Gardere
0%
Florida 17,873 Gibsonton
0%
Florida 13,296 Gladeview
0%
Maryland 17,628 Glassmanor
0%
Illinois 13,019 Glen Carbon
0%
Texas 14,530 Glenn Heights
0%
Florida 17,802 Glenvar Heights
0%
Illinois 17,465 Godfrey
0%
Florida 13,162 Goldenrod
0%
Tennessee 16,629 Goodlettsville
0%
California 22,439 Granite Bay
0%
Virginia 16,843 Groveton
0%
Georgia 15,305 Grovetown
0%
Florida 11,017 Gulf Gate Estates
0%
Hawaii 14,640 Halawa
0%
Maryland 10,784 Halfway
0%
South Carolina 28,803 Hanahan
0%
Michigan 13,677 Harper Woods
0%
New Jersey 11,842 Hasbrouck Heights
0%
Michigan 19,721 Haslett
0%
New York 19,580 Hauppauge
0%
Illinois 13,442 Hazel Crest
0%
Michigan 16,364 Hazel Park
0%
Texas 15,039 Hewitt
0%
Illinois 13,610 Hickory Hills
0%
Florida 10,641 Highland City
0%
Virginia 15,855 Highland Springs
0%
Texas 16,617 Highland Village
0%
Maryland 16,185 Hillcrest Heights
0%
Virginia 14,257 Hollins
0%
New York 19,365 Holtsville
0%
California 11,442 Home Gardens
0%
New Jersey 14,950 Hopatcong
0%
Florida 32,530 Horizon West
0%
Pennsylvania 14,641 Horsham
0%
Florida 22,770 Hunters Creek
0%
Virginia 16,325 Hybla Valley
0%
Virginia 18,431 Idylwood
0%
Florida 22,682 Ives Estates
0%
Texas 10,501 Jacinto City
0%
South Carolina 12,054 James Island
0%
Florida 21,772 Jasmine Estates
0%
Pennsylvania 11,004 Jefferson Hills
0%
New York 14,441 Jefferson Valley-Yorktown
0%
Michigan 17,794 Jenison
0%
Maryland 12,560 Joppatowne
0%
Florida 12,032 Jupiter Farms
0%
Hawaii 11,604 Kalaoa
0%
Hawaii 11,075 Kaneohe Station
0%
New Jersey 10,105 Keansburg
0%
Maryland 13,838 Kemp Mill
0%
Illinois 12,236 Kewanee
0%
Virginia 14,077 Kings Park West
0%
Virginia 17,172 Kingstowne
0%
New Jersey 10,248 Kinnelon
0%
California 19,500 La Crescenta-Montrose
0%
South Carolina 15,383 Ladson
0%
Illinois 13,058 La Grange Park
0%
Texas 12,054 La Homa
0%
Maryland 10,456 Lake Arbor
0%
New York 11,011 Lake Grove
0%
Florida 12,376 Lakeland Highlands
0%
Washington 12,820 Lakeland North
0%
Washington 13,849 Lakeland South
0%
California 13,170 Lakeland Village
0%
California 11,469 Lake Los Angeles
0%
Florida 29,794 Lake Magdalene
0%
Virginia 10,210 Lake Monticello
0%
Washington 11,295 Lake Morton-Berrydale
0%
New York 20,780 Lake Ronkonkoma
0%
Indiana 11,679 Lake Station
0%
Washington 10,584 Lake Stickney
0%
Washington 12,771 Lake Tapps
0%
Texas 16,681 Lakeway
0%
Florida 12,635 Lakewood Park
0%
South Carolina 12,569 Lake Wylie
0%
Maryland 19,278 Langley Park
0%
Maryland 10,301 Lanham
0%
California 10,851 La Riviera
0%
Florida 21,281 Lealman
0%
Missouri 16,814 Lemay
0%
Texas 11,603 Leon Valley
0%
Georgia 12,714 Lilburn
0%
Virginia 24,808 Lincolnia
0%
Ohio 10,071 Lincoln Village
0%
Virginia 41,088 Linton Hall
0%
Georgia 17,216 Lithia Springs
0%
New Jersey 19,722 Little Egg Harbor
0%
New Jersey 10,626 Little Ferry
0%
Maryland 26,271 Lochearn
0%
Pennsylvania 10,960 Lower Burrell
0%
New Jersey 22,844 Lower Township
0%
Virginia 11,111 Lowes Island
0%
Louisiana 13,614 Luling
0%
Florida 22,054 Lynn Haven
0%
California 12,671 Magalia
0%
Hawaii 10,792 Maili
0%
Hawaii 20,920 Makakilo
0%
Washington 12,350 Maltby
0%
Florida 11,228 Mango
0%
New York 14,405 Manorville
0%
Texas 13,813 Manvel
0%
New Jersey 18,911 Maple Shade
0%
Virginia 40,741 Marumsco
0%
New York 17,105 Massapequa Park
0%
New York 14,678 Mastic
0%
New York 11,953 Mastic Beach
0%
Maryland 12,303 Mays Chapel
0%
Virginia 20,771 McNair
0%
Florida 36,190 Meadow Woods
0%
California 19,925 Mead Valley
0%
Michigan 10,222 Melvindale
0%
Ohio 15,398 Middleburg Heights
0%
New York 10,216 Middle Island
0%
New Jersey 18,791 Middle Township
0%
Tennessee 12,097 Middle Valley
0%
Hawaii 19,955 Mililani Mauka
0%
Washington 21,523 Mill Creek East
0%
New York 11,755 Miller Place
0%
New Jersey 10,566 Millstone
0%
Maryland 11,215 Mitchellville
0%
South Carolina 12,689 Moncks Corner
0%
Ohio 13,064 Monfort Heights
0%
Pennsylvania 13,271 Montgomeryville
0%
Louisiana 12,034 Moss Bluff
0%
Georgia 13,877 Mountain Park
0%
Pennsylvania 11,319 Mountain Top
0%
Michigan 16,175 Mount Clemens
0%
New Jersey 27,935 Mount Olive
0%
California 13,726 Muscoy
0%
Hawaii 11,742 Nanakuli
0%
Virginia 16,947 Neabsco
0%
New York 13,893 Nesconset
0%
New York 14,648 New Cassel
0%
Ohio 14,190 New Franklin
0%
Virginia 12,476 Newington Forest
0%
Florida 10,161 New Port Richey East
0%
California 17,445 Nipomo
0%
Tennessee 10,178 Nolensville
0%
New York 18,817 North Amityville
0%
California 13,707 North Auburn
0%
New York 16,739 North Babylon
0%
New York 21,045 North Bay Shore
0%
New York 20,269 North Bellmore
0%
New York 11,593 North Bellport
0%
Florida 22,529 Northdale
0%
Georgia 17,287 North Druid Hills
0%
California 14,547 North Fair Oaks
0%
California 48,968 North Highlands
0%
New York 10,584 North Lindenhurst
0%
New York 12,232 North Merrick
0%
New York 15,726 North New Hyde Park
0%
New York 19,202 North Valley Stream
0%
Michigan 15,391 Northview
0%
New York 11,802 North Wantagh
0%
Florida 27,252 Oakleaf Plantation
0%
Oregon 13,531 Oatfield
0%
Maryland 12,246 Ocean Pines
0%
Florida 17,462 Ojus
0%
California 13,309 Olivehurst
0%
Florida 14,536 Olympia Heights
0%
Maryland 12,384 Overlea
0%
Maryland 17,720 Oxon Hill
0%
Florida 15,970 Palmetto Estates
0%
Florida 23,627 Palm River-Clair Mel
0%
Georgia 10,581 Panthersville
0%
Pennsylvania 10,610 Park Forest Village
0%
California 15,885 Parkway
0%
California 15,434 Parlier
0%
Maryland 16,232 Parole
0%
Florida 10,216 Pasadena Hills
0%
Ohio 16,084 Pataskala
0%
Texas 16,651 Pecan Grove
0%
New Jersey 13,332 Pennsville
0%
New Jersey 15,392 Pequannock
0%
California 15,532 Phelan
0%
Delaware 10,664 Pike Creek Valley
0%
Florida 11,643 Pine Castle
0%
North Carolina 14,061 Piney Green
0%
Illinois 10,356 Pingree Grove
0%
Washington 12,550 Prairie Ridge
0%
Florida 10,136 Progress Village
0%
New Jersey 16,116 Readington
0%
Georgia 32,357 Redan
0%
South Carolina 15,459 Red Hill
0%
Texas 13,616 Rendon
0%
Illinois 13,177 Richton Park
0%
New Jersey 12,709 Ridgefield Park
0%
Georgia 10,229 Rincon
0%
California 15,460 Rio Linda
0%
New Jersey 11,340 River Edge
0%
Maryland 10,705 Rosaryville
0%
California 11,160 Rossmoor
0%
Hawaii 14,449 Royal Kunia
0%
Wisconsin 14,925 Salem Lakes
0%
Florida 17,778 San Carlos Park
0%
California 10,381 San Diego Country Estates
0%
Illinois 10,166 Sauk Village
0%
Illinois 11,307 Schiller Park
0%
New York 19,770 Selden
0%
New York 13,442 Setauket-East Setauket
0%
Ohio 11,602 Seven Hills
0%
South Carolina 15,559 Seven Oaks
0%
Florida 12,435 Shady Hills
0%
Ohio 13,840 Sharonville
0%
Colorado 19,243 Sherrelwood
0%
Kentucky 15,845 Shively
0%
Texas 16,996 Sienna Plantation
0%
Washington 22,052 Silver Firs
0%
South Carolina 24,056 Socastee
0%
California 10,862 Soquel
0%
Florida 25,646 South Bradenton
0%
Massachusetts 16,993 Southbridge Town
0%
Florida 15,096 Southchase
0%
New York 14,953 South Farmingdale
0%
New York 10,000 South Huntington
0%
Pennsylvania 13,363 South Park Township
0%
New Jersey 15,845 South River
0%
California 20,593 South San Jose Hills
0%
Missouri 18,048 Spanish Lake
0%
North Carolina 16,468 Stallings
0%
California 19,364 Stevenson Ranch
0%
Virginia 12,990 Stone Ridge
0%
New York 12,869 Stony Point
0%
Ohio 10,115 Struthers
0%
Virginia 17,612 Sudley
0%
Virginia 12,576 Sugarland Run
0%
California 13,516 Sun Village
0%
Ohio 17,618 Tallmadge
0%
California 11,261 Tamalpais-Homestead Valley
0%
West Virginia 13,816 Teays Valley
0%
South Carolina 11,725 Tega Cay
0%
California 26,709 Temescal Valley
0%
Louisiana 24,244 Terrytown
0%
New York 12,340 Terryville
0%
Florida 39,656 The Acreage
0%
Florida 13,966 Thonotosassa
0%
Virginia 12,973 Timberlake
0%
Louisiana 10,192 Timberlane
0%
New Jersey 17,613 Tinton Falls
0%
Ohio 10,184 Tipp City
0%
Maryland 11,633 Travilah
0%
Texas 12,785 Trophy Club
0%
Ohio 24,511 Trotwood
0%
Washington 22,034 Union Hill/Novelty Hill
0%
Florida 17,045 Upper Grand Lagoon
0%
Pennsylvania 19,592 Upper St. Clair
0%
New Jersey 12,307 Upper Township
0%
California 25,296 Valinda
0%
California 16,879 Valle Vista
0%
Florida 11,183 Viera East
0%
Florida 11,116 Viera West
0%
California 11,580 View Park-Windsor Hills
0%
South Carolina 20,925 Wade Hampton
0%
Hawaii 13,384 Waimalu
0%
Hawaii 11,508 Waipio
0%
Maryland 11,780 Walker Mill
0%
Connecticut 18,322 Wallingford Center
0%
New Jersey 11,335 Wallington
0%
California 16,034 Walnut Park
0%
New Jersey 11,116 Wanaque
0%
Ohio 13,176 Warrensville Heights
0%
North Carolina 11,337 Weddington
0%
Pennsylvania 12,879 Weigelstown
0%
Florida 23,329 Wekiwa Springs
0%
Colorado 16,352 Welby
0%
Texas 12,227 Wells Branch
0%
New Jersey 21,528 West Deptford
0%
New York 10,221 West Haverstraw
0%
Florida 15,076 West Lealman
0%
Florida 21,243 West Pensacola
0%
Florida 10,491 West Perrine
0%
California 23,629 West Puente Valley
0%
California 22,932 West Rancho Dominguez
0%
Massachusetts 28,725 West Springfield Town
0%
Texas 15,680 West University Place
0%
California 27,144 West Whittier-Los Nietos
0%
Florida 12,121 Westwood Lakes
0%
Ohio 12,820 Wickliffe
0%
Pennsylvania 14,800 Willow Grove
0%
Ohio 14,222 Willowick
0%
Georgia 15,391 Wilmington Island
0%
Massachusetts 18,968 Winthrop Town
0%
California 11,761 Winton
0%
Michigan 14,100 Wixom
0%
California 17,310 Woodcrest
0%
Michigan 12,410 Woodhaven
0%
Illinois 10,173 Wood River
0%
New Jersey 10,200 Woolwich
0%
Florida 16,538 World Golf Village
0%
New York 11,612 Wyandanch
0%
Virginia 10,151 Wyndham
0%
Pennsylvania 11,427 Yeadon
0%
No matching quizzes found
Score Distribution
Percent of People with Each Score
Percentile by Number Answered
Your Score History
You have not taken this quiz since the last reset